NBA all stats - Statistics

General Stats
  • This quiz has been taken 28 times
  • The average score is 497 of 2000
Answer Stats
Rank Player PSP From To Team Pos % Correct
1 LeBron James 97492 2004 2026 CLE;MIA;LAL F-G
100%
10 Michael Jordan 63354 1985 2003 CHI;WAS G-F
100%
974 Eddy Curry 10658 2002 2013 CHI;NYK;MIA;DAL C
96%
6 Kobe Bryant 65179 1997 2016 LAL G-F
96%
1411 Michael Curry 6325 1994 2005 PHI;DET;WSB;MIL;TOR;IND F-G
96%
419 Dell Curry 20916 1987 2002 UTA;CLE;CHH;MIL;TOR G
92%
250 Jeff Malone 25948 1984 1996 WSB;UTA;PHI;MIA G
92%
2 Kareem Abdul-Jabbar 81938 1970 1989 MIL;LAL C
92%
3 Karl Malone 74058 1986 2004 UTA;LAL F
92%
21 Moses Malone 53914 1975 1995 BUF;HOU;PHI;WSB;ATL;MIL;SAS C-F
92%
1040 Seth Curry 9856 2014 2026 CLE;MEM;PHO;SAC;DAL;POR;PHI;BRK;CHO;GSW G
92%
23 Stephen Curry 53721 2010 2026 GSW G
92%
244 DeAndre Jordan 26037 2009 2026 LAC;DAL;NYK;BRK;LAL;PHI;DEN;NOP C
88%
1185 Eddie Jordan 8366 1978 1984 CLE;NJN;LAL;POR G
88%
1342 Jalen Duren 6907 2023 2026 DET C
88%
19 Magic Johnson 56926 1980 1996 LAL G-F
88%
4 Wilt Chamberlain 73495 1960 1973 PHW;SFW;PHI;LAL C
88%
25 Bill Russell 52659 1957 1969 BOS C
84%
693 Bryon Russell 14714 1994 2006 UTA;WAS;LAL;DEN F
84%
614 Campy Russell 16293 1975 1985 CLE;NYK F
84%
424 Cazzie Russell 20678 1967 1978 NYK;GSW;LAL;CHI F-G
84%
9 Chris Paul 63621 2006 2026 NOK;NOH;LAC;HOU;OKC;PHO;GSW;SAS G
84%
356 D'Angelo Russell 22589 2016 2026 LAL;BRK;GSW;MIN;DAL G
84%
183 David West 29473 2004 2018 NOH;NOK;IND;SAS;GSW F-C
84%
1004 Delonte West 10264 2005 2012 BOS;CLE;SEA;DAL G
84%
916 Doug West 11431 1990 2001 MIN;VAN G-F
84%
11 James Harden 62267 2010 2026 OKC;HOU;BRK;PHI;LAC G
84%
30 Jerry West 50390 1961 1974 LAL G
84%
5 John Stockton 66064 1985 2003 UTA G
84%
26 Larry Bird 52611 1980 1992 BOS F
84%
660 Mark West 15324 1984 2000 DAL;CLE;MIL;PHO;DET;IND;ATL C-F
84%
13 Shaquille O'Neal 60716 1993 2011 ORL;LAL;MIA;PHO;CLE;BOS C
84%
14 Kevin Durant 60212 2008 2026 SEA;OKC;GSW;BRK;PHO;HOU F-G
80%
12 Kevin Garnett 60960 1996 2016 MIN;BOS;BRK F-C
80%
7 Russell Westbrook 64689 2009 2026 OKC;HOU;WAS;LAL;LAC;DEN;SAC G
80%
8 Tim Duncan 64377 1998 2016 SAS F-C
80%
1421 Aaron James 6266 1975 1979 NOJ F
76%
997 Bruce Brown 10325 2019 2026 DET;BRK;DEN;IND;TOR;NOP G-F
76%
1209 Chucky Brown 8209 1990 2002 CLE;LAL;NJN;DAL;HOU;MIL;PHO;ATL;CHH;SAS;GSW;SAC F
76%
847 Coby White 12326 2020 2026 CHI G
76%
707 Dee Brown 14456 1991 2002 BOS;TOR;ORL G
76%
607 Derrick White 16496 2018 2026 SAS;BOS G
76%
1387 Devin Brown 6534 2003 2010 DEN;SAS;UTA;NOK;CLE;NOH;CHI G
76%
17 Dirk Nowitzki 58949 1999 2019 DAL F-C
76%
240 Fred Brown 26151 1972 1984 SEA G
76%
1178 Grayson Allen 8457 2019 2026 UTA;MEM;MIL;PHO G
76%
15 Hakeem Olajuwon 59811 1985 2002 HOU;TOR C
76%
1674 Jahidi White 4498 1999 2005 WAS;PHO;CHA F-C
76%
578 Jarrett Allen 17009 2018 2026 BRK;CLE C-F
76%
16 Jason Kidd 59551 1995 2013 DAL;PHO;NJN;NYK G
76%
294 Jaylen Brown 24580 2017 2026 BOS F-G
76%
1837 Jerome James 3649 1999 2009 SAC;SEA;NYK C
76%
1279 John Brown 7496 1974 1980 ATL;CHI;UTA F
76%
178 Jo Jo White 29774 1970 1981 BOS;GSW;KCK G
76%
1081 Kwame Brown 9477 2002 2013 WAS;LAL;MEM;DET;CHA;GSW;PHI F
76%
1603 Lavoy Allen 4992 2012 2017 PHI;IND F-C
76%
458 Lucius Allen 19628 1970 1979 SEA;MIL;LAL;KCK G
76%
1646 Malik Allen 4681 2002 2011 MIA;CHA;CHI;DAL;NJN;MIL;DEN;ORL F-C
76%
1272 Mike Brown 7625 1987 1997 CHI;UTA;MIN;PHI;PHO C-F
76%
870 Mike James 12120 2002 2014 MIA;BOS;DET;HOU;MIL;TOR;MIN;NOH;WAS;CHI;DAL G
76%
1268 Mitchell Robinson 7651 2019 2026 NYK C
76%
266 P.J. Brown 25442 1994 2008 NJN;MIA;CHH;NOH;NOK;CHI;BOS F-C
76%
1212 Randy Brown 8204 1992 2003 SAC;CHI;BOS;PHO G
76%
1727 Randy White 4135 1990 1994 DAL F
76%
47 Ray Allen 44694 1997 2014 MIL;SEA;BOS;MIA G
76%
1929 Rickey Brown 3189 1981 1985 GSW;ATL C-F
76%
1785 Rory White 3865 1983 1987 PHO;MIL;SDC;LAC F
76%
33 Scottie Pippen 49859 1988 2004 CHI;HOU;POR F-G
76%
1524 Shannon Brown 5646 2007 2015 CLE;CHI;CHA;LAL;PHO;NYK;SAS;MIA G
76%
1925 Sterling Brown 3209 2018 2023 MIL;HOU;DAL;LAL G
76%
38 Steve Nash 47396 1997 2014 PHO;DAL;LAL G
76%
702 Tony Allen 14582 2005 2018 BOS;MEM;NOP G-F
76%
1684 Tony Brown 4395 1985 1992 IND;CHI;NJN;HOU;MIL;LAL;UTA;LAC;SEA F-G
76%
1615 Troy Brown Jr. 4888 2019 2024 WAS;CHI;LAL;DET;MIN G-F
76%
40 Vince Carter 46981 1999 2020 TOR;NJN;ORL;PHO;DAL;MEM;SAC;ATL G-F
76%
189 A.C. Green 28988 1986 2001 LAL;PHO;DAL;MIA F-C
72%
1572 Amen Thompson 5253 2024 2026 HOU G
72%
687 Amir Johnson 14855 2006 2019 DET;TOR;BOS;PHI F-C
72%
1535 Andy Johnson 5586 1959 1962 PHW;CHP F-G
72%
998 Anthony Carter 10314 2000 2012 MIA;SAS;MIN;DEN;NYK;TOR G
72%
867 Anthony Johnson 12134 1998 2010 SAC;ATL;ORL;CLE;NJN;IND;DAL G
72%
1429 Arnie Johnson 6239 1949 1953 ROC F-C
72%
1857 Ausar Thompson 3567 2024 2026 DET G
72%
574 Austin Carr 17068 1972 1981 CLE;DAL;WSB G
72%
258 Avery Johnson 25793 1989 2004 SEA;DEN;SAS;HOU;GSW;DAL G
72%
1518 Billy Thompson 5667 1987 1992 LAL;MIA;GSW F
72%
1130 Buck Johnson 9001 1987 1993 HOU;WSB F
72%
1551 Butch Carter 5413 1981 1986 LAL;IND;NYK;PHI G
72%
1160 Cameron Johnson 8685 2020 2026 PHO;BRK;DEN F
72%
1087 Charles Johnson 9390 1973 1979 GSW;WSB G
72%
965 Clemon Johnson 10809 1979 1988 POR;IND;PHI;SEA C-F
72%
80 Clifford Robinson 37657 1990 2007 POR;PHO;DET;GSW;NJN F-C
72%
443 Cliff Robinson 20115 1980 1992 NJN;CLE;KCK;WSB;PHI;LAL F
72%
595 Danny Green 16652 2010 2024 CLE;SAS;TOR;LAL;PHI;MEM G-F
72%
45 David Robinson 45056 1990 2003 SAS C
72%
517 David Thompson 18300 1976 1984 DEN;SEA G-F
72%
1774 Dean Wade 3908 2020 2026 CLE F
72%
66 Dennis Johnson 39203 1977 1990 SEA;PHO;BOS G
72%
1772 DerMarr Johnson 3921 2001 2008 ATL;NYK;DEN;SAS F
72%
140 Draymond Green 32644 2013 2026 GSW F
72%
1084 Duncan Robinson 9432 2019 2026 MIA;DET G-F
72%
34 Dwyane Wade 49075 2004 2019 MIA;CHI;CLE G
72%
153 Eddie Johnson 31796 1982 1999 KCK;SAC;PHO;SEA;CHH;IND;HOU F-G
72%
441 Eddie L. Johnson 20262 1978 1987 ATL;CLE;SEA G
72%
1831 Eddie Robinson 3667 2000 2004 CHH;CHI G-F
72%
881 Ervin Johnson 11881 1994 2006 SEA;DEN;MIL;MIN C
72%
879 Flynn Robinson 12007 1967 1974 CIN;CHI;MIL;LAL;BAL G
72%
862 Frank Johnson 12156 1982 1994 WSB;HOU;PHO G
72%
576 Fred Carter 17056 1970 1977 BAL;PHI;MIL G-F
72%
645 George Johnson 15506 1973 1986 GSW;BUF;NJN;SAS;ATL;SEA C-F
72%
1105 George L. Johnson 9206 1979 1986 MIL;DEN;IND;PHI;WSB F-C
72%
1000 Gerald Green 10297 2006 2019 BOS;HOU;MIN;DAL;NJN;IND;PHO;MIA G-F
72%
301 Glenn Robinson 24338 1995 2005 MIL;ATL;PHI;SAS F
72%
1906 Glenn Robinson III 3320 2015 2021 MIN;PHI;IND;DET;GSW;SAC G-F
72%
406 Gus Johnson 21339 1964 1973 BAL;PHO F-C
72%
1820 Hollis Thompson 3697 2014 2017 PHI;NOP G-F
72%
1022 Jalen Green 10096 2022 2026 HOU;PHO G
72%
1404 Jalen Johnson 6374 2022 2026 ATL F
72%
787 James Johnson 13268 2010 2025 CHI;TOR;SAC;MEM;MIA;MIN;DAL;NOP;BRK;IND F
72%
1564 James Robinson 5329 1994 2001 POR;MIN;LAC;ORL G
72%
1093 JaMychal Green 9304 2015 2023 MEM;SAS;LAC;DEN;GSW F
72%
946 Jason Thompson 11079 2009 2016 SAC;GSW;TOR F-C
72%
1866 Javonte Green 3524 2020 2026 BOS;CHI;CLE;NOP;DET F
72%
255 Jeff Green 25816 2008 2026 SEA;OKC;BOS;MEM;LAC;ORL;CLE;WAS;HOU;UTA;BRK;DEN F
72%
1640 Jevon Carter 4754 2019 2026 MEM;PHO;BRK;MIL;CHI G
72%
60 Joe Johnson 39986 2002 2022 BOS;PHO;ATL;BRK;MIA;UTA;HOU G-F
72%
268 Joel Embiid 25389 2017 2026 PHI C
72%
280 John Johnson 24945 1971 1982 CLE;POR;HOU;SEA F
72%
295 Johnny Green 24555 1960 1973 NYK;BAL;PHI;SDR;CIN;KCO F-C
72%
1697 Josh Green 4287 2021 2026 DAL;CHO G-F
72%
69 Julius Erving 38958 1972 1987 PHI F-G
72%
977 Keldon Johnson 10619 2020 2026 SAS G
72%
110 Kevin Johnson 34618 1988 2000 CLE;PHO G
72%
174 Klay Thompson 29984 2012 2026 GSW;DAL G-F
72%
102 Kyrie Irving 35442 2012 2025 CLE;BOS;BRK;DAL G
72%
1627 Lamar Green 4814 1970 1975 PHO;NOJ F-C
72%
317 Larry Johnson 23741 1992 2001 CHH;NYK F
72%
488 LaSalle Thompson 18909 1983 1997 KCK;SAC;IND;PHI;DEN C-F
72%
226 Marques Johnson 27213 1978 1990 MIL;LAC;GSW F-G
72%
233 Mickey Johnson 26772 1975 1986 CHI;IND;MIL;GSW;NJN F
72%
1606 Mike Green 4974 1974 1980 SEA;SAS;KCK C-F
72%
207 Mychal Thompson 27990 1979 1991 POR;LAL;SAS C-F
72%
810 Nate Robinson 12975 2006 2016 NYK;BOS;OKC;GSW;CHI;DEN;LAC;NOP G
72%
49 Nikola Jokic 44071 2016 2026 DEN C-F
72%
960 Ollie Johnson 10869 1973 1982 POR;KCO;NOJ;KCK;ATL;CHI;PHI F
72%
29 Paul Pierce 51469 1999 2017 BOS;BRK;WAS;LAC F-G
72%
1878 Ralph Johnson 3468 1950 1953 AND;FTW G
72%
1628 Reggie Johnson 4811 1981 1984 SAS;CLE;KCK;PHI;NJN F-C
72%
316 Rickey Green 23762 1978 1992 GSW;DET;UTA;CHH;MIL;IND;PHI;BOS G
72%
325 Ricky Pierce 23470 1983 1998 DET;SDC;MIL;SEA;GSW;IND;CHH;DEN G
72%
1463 Rumeal Robinson 6056 1991 1997 ATL;NJN;CHH;POR;LAL;PHO G
72%
919 Sidney Green 11417 1984 1993 CHI;DET;NYK;ORL;SAS;CHH F-C
72%
951 Si Green 11038 1957 1966 ROC;CIN;STL;CHP;CHZ;BAL;BOS G-F
72%
1452 Stanley Johnson 6135 2016 2023 DET;NOP;TOR;LAL;SAS F
72%
781 Steve Johnson 13355 1982 1991 KCK;CHI;SAS;POR;MIN;SEA;GSW C-F
72%
1807 Thomas Robinson 3769 2013 2017 HOU;SAC;POR;PHI;BRK;LAL F
72%
553 Tristan Thompson 17507 2012 2025 CLE;BOS;CHI;IND;SAC;LAL F-C
72%
300 Truck Robinson 24350 1975 1985 WSB;ATL;NOJ;PHO;NYK F-C
72%
1354 Tyler Johnson 6811 2015 2022 MIA;PHO;BRK;PHI;SAS G
72%
282 Vinnie Johnson 24913 1980 1992 SEA;DET;SAS G
72%
949 Wendell Carter Jr. 11049 2019 2026 CHI;ORL C
72%
1186 Wesley Johnson 8366 2011 2019 MIN;PHO;LAL;LAC;NOP;WAS F-G
72%
1010 Willie Green 10212 2004 2015 PHI;NOH;ATL;LAC;ORL G
72%
1092 Aaron Williams 9309 1994 2008 UTA;MIL;DEN;VAN;SEA;WAS;NJN;TOR;NOK;LAC F-C
68%
1750 Al Butler 4038 1962 1965 BOS;NYK;BAL G
68%
1012 Alvin Williams 10184 1998 2007 POR;TOR;LAC G
68%
56 Andre Miller 41616 2000 2016 CLE;LAC;DEN;PHI;POR;WAS;SAC;MIN;SAS G
68%
1851 Anthony Roberts 3585 1978 1984 DEN;WSB F-G
68%
1034 Art Williams 9916 1968 1975 SDR;BOS G
68%
338 Brad Miller 23150 1999 2012 CHH;CHI;IND;SAC;HOU;MIN C-F
68%
1828 Brandon Miller 3674 2024 2026 CHO F-G
68%
1741 Brian Roberts 4089 2013 2017 NOH;NOP;CHO;POR G
68%
76 Buck Williams 37811 1982 1998 NJN;POR;NYK F-C
68%
1576 Cam Thomas 5221 2022 2026 BRK G
68%
321 Caron Butler 23616 2003 2016 MIA;LAL;WAS;DAL;LAC;MIL;OKC;DET;SAC F
68%
31 Clyde Drexler 50181 1984 1998 POR;HOU G
68%
1955 Darius Miller 3057 2013 2021 NOH;NOP;OKC F
68%
117 Deron Williams 34202 2006 2017 UTA;NJN;BRK;DAL;CLE G
68%
1400 Derrick Williams 6428 2012 2018 MIN;SAC;NYK;CLE;MIA;LAL F
68%
163 Devin Booker 30617 2016 2026 PHO G
68%
1935 Eddie Miller 3157 1953 1954 BLB;MLH C-F
68%
732 Elfrid Payton 14063 2015 2025 ORL;PHO;NOP;NYK;CHO G
68%
968 Eric Williams 10741 1996 2007 BOS;DEN;CLE;NJN;TOR;CHA;SAS F
68%
1567 Etan Thomas 5298 2002 2011 WAS;OKC;ATL F
68%
902 Fred Roberts 11585 1984 1997 SAS;UTA;BOS;MIL;CLE;LAL;DAL F-C
68%
1385 Freeman Williams 6545 1979 1986 SDC;ATL;UTA;WSB G-F
68%
27 Gary Payton 52344 1991 2007 SEA;MIL;LAL;BOS;MIA G
68%
1737 Gary Payton II 4115 2017 2026 MIL;LAL;WAS;GSW;POR G
68%
43 Giannis Antetokounmpo 45356 2014 2026 MIL F-G
68%
1419 Grant Williams 6275 2020 2025 BOS;CHO;DAL F
68%
160 Gus Williams 30827 1976 1987 GSW;SEA;WSB;ATL G
68%
291 Herb Williams 24675 1982 1999 IND;DAL;NYK;TOR C-F
68%
362 Hot Rod Williams 22464 1987 1999 CLE;PHO;DAL F-C
68%
537 Isaiah Thomas 17850 2012 2024 SAC;BOS;PHO;CLE;LAL;DEN;WAS;NOP;CHO;DAL G
68%
37 Isiah Thomas 47563 1982 1994 DET G
68%
1099 Jalen Williams 9233 2023 2026 OKC G
68%
398 Jason Williams 21470 1999 2011 SAC;MEM;MIA;ORL G
68%
1966 Jaylin Williams 3026 2023 2026 OKC F
68%
1204 Jayson Williams 8229 1991 1999 PHI;NJN F-C
68%
1070 Jerome Williams 9635 1997 2005 DET;TOR;CHI;NYK F
68%
90 Jimmy Butler 36352 2012 2026 CHI;MIN;PHI;MIA;GSW F-G
68%
1021 John Williams 10110 1987 1995 WSB;LAC;IND F-C
68%
149 Kawhi Leonard 32282 2012 2026 SAS;TOR;LAC F
68%
778 Kenny Thomas 13461 2000 2010 HOU;PHI;SAC F
68%
1425 Kenrich Williams 6252 2019 2026 NOP;OKC G-F
68%
394 Kurt Thomas 21543 1996 2013 MIA;DAL;NYK;PHO;SAS;SEA;MIL;CHI;POR F
68%
1800 Lance Thomas 3814 2012 2020 NOH;NOP;NYK;OKC;BRK F
68%
1901 Lorenzo Williams 3341 1993 2000 BOS;CHH;ORL;DAL;WSB;WAS F-C
68%
197 Lou Williams 28594 2006 2022 PHI;ATL;TOR;LAL;HOU;LAC G
68%
176 Luka Doncic 29857 2019 2026 DAL;LAL G-F
68%
1861 Mark Williams 3539 2023 2026 CHO;PHO C
68%
400 Marvin Williams 21462 2006 2020 ATL;UTA;CHO;MIL F
68%
1013 Michael Carter-Williams 10171 2014 2023 PHI;MIL;CHI;CHO;HOU;ORL G
68%
903 Micheal Williams 11561 1989 1999 DET;CHH;PHO;IND;MIN;TOR G
68%
365 Mike Miller 22413 2001 2017 ORL;MEM;MIN;WAS;MIA;CLE;DEN F-G
68%
1862 Mitchell Butler 3539 1994 2004 WSB;POR;CLE;WAS G-F
68%
1498 Monty Williams 5822 1995 2003 NYK;SAS;DEN;ORL;PHI F
68%
346 Mo Williams 22919 2004 2016 UTA;MIL;CLE;LAC;POR;CHO;MIN G
68%
821 Nate Williams 12783 1972 1979 CIN;KCO;NOJ;GSW F-G
68%
983 Oliver Miller 10486 1993 2004 PHO;DET;TOR;DAL;SAC;MIN C
68%
32 Patrick Ewing 50105 1986 2002 NYK;SEA;ORL C-F
68%
1537 Patrick Williams 5571 2021 2026 CHI F
68%
73 Paul George 38168 2011 2026 IND;OKC;LAC;PHI F-G
68%
1003 Rasual Butler 10276 2003 2016 MIA;NOK;NOH;LAC;CHI;TOR;IND;WAS;SAS F-G
68%
360 Ray Williams 22476 1978 1987 NYK;NJN;KCK;BOS;ATL;SAS G
68%
50 Reggie Miller 43829 1988 2005 IND G-F
68%
703 Reggie Williams 14540 1988 1997 LAC;CLE;SAS;DEN;IND;NJN F-G
68%
1505 Robert Williams 5766 2019 2026 BOS;POR C-F
68%
1806 Rob Williams 3770 1983 1984 DEN G
68%
1028 Ron Williams 10000 1969 1976 SFW;GSW;MIL;LAL G
68%
1842 Sam Williams 3635 1982 1985 GSW;PHI F
68%
1016 Scott Williams 10156 1991 2005 CHI;PHI;MIL;DEN;PHO;DAL;CLE F-C
68%
1694 Shammond Williams 4336 1999 2007 ATL;SEA;BOS;DEN;NOH;ORL;LAL G
68%
1874 Shawne Williams 3501 2007 2015 IND;DAL;NYK;NJN;LAL;DET;MIA F
68%
1783 Shelden Williams 3876 2007 2012 ATL;SAC;MIN;BOS;DEN;NYK;NJN F
68%
1412 Sly Williams 6324 1980 1986 NYK;ATL;BOS F-G
68%
1589 Stanley Roberts 5094 1992 2000 ORL;LAC;MIN;HOU;PHI C
68%
552 Tim Thomas 17510 1998 2010 PHI;MIL;NYK;CHI;PHO;LAC;DAL F
68%
97 Tracy McGrady 35915 1998 2012 TOR;ORL;HOU;NYK;DET;ATL;SAS G-F
68%
1174 Trevor Booker 8509 2011 2018 WAS;UTA;BRK;IND;PHI F
68%
1343 Tyrus Thomas 6905 2007 2015 CHI;CHA;MEM F
68%
629 Walt Williams 15927 1993 2003 SAC;MIA;TOR;POR;HOU;DAL F-G
68%
1824 Ziaire Williams 3689 2022 2026 MEM;BRK F
68%
736 Adrian Smith 13983 1962 1972 CIN;SFW G
64%
48 Allen Iverson 44552 1997 2010 PHI;DEN;DET;MEM G
64%
72 Anthony Davis 38178 2013 2026 NOH;NOP;LAL;DAL F-C
64%
415 Antonio Davis 21063 1994 2006 IND;TOR;CHI;NYK F-C
64%
147 Baron Davis 32485 2000 2012 CHH;NOH;GSW;LAC;CLE;NYK G
64%
487 Bingo Smith 18921 1970 1980 SDR;CLE;SDC F-G
64%
423 Brad Davis 20696 1978 1992 LAL;IND;UTA;DAL G
64%
165 Bradley Beal 30559 2013 2026 WAS;PHO;LAC G
64%
137 Brook Lopez 32702 2009 2026 NJN;BRK;LAL;MIL;LAC C
64%
1693 Charles Davis 4338 1982 1990 WSB;MIL;SAS;CHI F
64%
657 Charles Smith 15354 1989 1997 LAC;NYK;SAS F-C
64%
1539 Craig Smith 5565 2007 2012 MIN;LAC;POR F
64%
322 Dale Davis 23598 1992 2007 IND;POR;GSW;DET F-C
64%
53 Damian Lillard 42750 2013 2025 POR;MIL G
64%
41 DeMar DeRozan 45450 2010 2026 TOR;SAS;CHI;SAC G-F
64%
236 Dennis Rodman 26349 1987 2000 DET;SAS;CHI;LAL;DAL F
64%
1294 Dennis Smith Jr. 7375 2018 2024 DAL;NYK;DET;POR;CHO;BRK G
64%
1151 Derek Smith 8803 1983 1991 GSW;SDC;LAC;SAC;PHI;BOS G-F
64%
1225 Devean George 8118 2000 2010 LAL;DAL;GSW G-F
64%
954 Dorian Finney-Smith 10930 2017 2026 DAL;BRK;LAL;HOU F
64%
1637 Doug Smith 4764 1992 1996 DAL;BOS F
64%
1403 Dwight Davis 6378 1973 1977 CLE;GSW F
64%
940 Ed Davis 11207 2011 2022 TOR;MEM;LAL;POR;BRK;UTA;MIN;CLE F
64%
579 Elmore Smith 17009 1972 1979 BUF;LAL;MIL;CLE C
64%
1124 Glen Davis 9033 2008 2015 BOS;ORL;LAC F-C
64%
1032 Greg Smith 9949 1969 1976 MIL;HOU;POR F
64%
1060 Hubert Davis 9718 1993 2004 NYK;TOR;DAL;WAS;DET;NJN G
64%
695 Ish Smith 14698 2011 2024 HOU;MEM;GSW;ORL;MIL;PHO;OKC;PHI;NOP;DET;WAS;CHO;DEN G
64%
1433 Jabari Smith Jr. 6224 2023 2026 HOU F
64%
865 Jack George 12138 1954 1961 PHW;NYK G
64%
1595 Jalen Smith 5046 2021 2026 PHO;IND;CHI F
64%
1275 Jason Smith 7543 2008 2019 PHI;NOH;NOP;NYK;ORL;WAS;MIL F-C
64%
212 Jermaine O'Neal 27753 1997 2014 POR;IND;MIA;TOR;BOS;PHO;GSW C-F
64%
1128 Jim Davis 9009 1968 1975 STL;ATL;DET;HOU C-F
64%
377 Joe Smith 21958 1996 2011 GSW;PHI;MIN;DET;MIL;DEN;CHI;CLE;OKC;ATL;LAL;NJN F
64%
22 John Havlicek 53911 1963 1978 BOS F-G
64%
457 Johnny Davis 19631 1977 1986 POR;IND;ATL;CLE G
64%
170 Josh Smith 30214 2005 2018 ATL;DET;HOU;LAC;NOP F
64%
342 J.R. Smith 23009 2005 2020 NOH;NOK;DEN;NYK;CLE;LAL G-F
64%
403 Kenny Smith 21421 1988 1997 SAC;ATL;HOU;DEN;DET;ORL G
64%
1526 Keyonte George 5645 2024 2026 UTA G
64%
551 Larry Smith 17551 1981 1993 GSW;HOU;SAS F-C
64%
125 Manu Ginobili 33388 2003 2018 SAS G
64%
1705 Med Park 4228 1956 1960 STL;CIN G-F
64%
1265 Michael 'The Animal' Smith 7711 1995 2001 SAC;VAN;WAS F
64%
1939 Mickey Davis 3146 1972 1977 MIL F-G
64%
1891 Mike Davis 3389 1970 1973 BAL;BUF G
64%
18 Oscar Robertson 58414 1961 1974 CIN;MIL G-F
64%
1291 Otis Smith 7384 1987 1992 DEN;GSW;ORL G-F
64%
482 Phil Smith 19014 1975 1983 GSW;SDC;SEA G
64%
158 Randy Smith 31181 1972 1983 BUF;SDC;CLE;NYK;ATL G-F
64%
509 Ricky Davis 18473 1999 2010 CHH;MIA;CLE;BOS;MIN;LAC G-F
64%
606 Robin Lopez 16504 2009 2024 PHO;NOH;POR;NYK;CHI;MIL;WAS;ORL;CLE C
64%
267 Steve Smith 25437 1992 2005 MIA;ATL;POR;SAS;NOH;CHA G
64%
1892 Terence Davis 3379 2020 2025 TOR;SAC G
64%
1352 Terry Davis 6826 1990 2001 MIA;DAL;WAS;DEN F-C
64%
1540 Tony Smith 5563 1991 2001 LAL;MIA;PHO;CHH;MIL;ATL G
64%
1858 Walt Davis 3567 1954 1958 PHW;STL C-F
64%
118 Walter Davis 34161 1978 1992 PHO;DEN;POR G-F
64%
260 Alvin Robertson 25772 1985 1996 SAS;MIL;DET;TOR G
60%
1754 Andre Roberson 4018 2014 2021 OKC;BRK G-F
60%
1098 Anthony Parker 9250 1998 2012 PHI;ORL;TOR;CLE G
60%
59 Bob Cousy 40094 1951 1970 BOS;CIN G
60%
24 Charles Barkley 52949 1985 2000 PHI;PHO;HOU F
60%
1305 Damien Wilkins 7221 2005 2018 SEA;OKC;MIN;ATL;DET;PHI;IND F-G
60%
52 Dominique Wilkins 43403 1983 1999 ATL;LAC;BOS;SAS;ORL F-G
60%
46 Dwight Howard 44795 2005 2022 ORL;LAL;HOU;ATL;CHO;WAS;PHI C
60%
1998 Eddie Lee Wilkins 2876 1985 1993 NYK;PHI F-C
60%
35 Elgin Baylor 48341 1959 1972 MNL;LAL F
60%
20 Elvin Hayes 55150 1969 1984 SDR;HOU;BAL;CAP;WSB F-C
60%
1107 Em Bryant 9197 1965 1972 NYK;BOS;BUF G
60%
369 Gerald Wilkins 22197 1986 1999 NYK;CLE;VAN;ORL G-F
60%
1243 Jabari Parker 7892 2015 2022 MIL;CHI;WAS;ATL;SAC;BOS F
60%
1247 Jeff Wilkins 7870 1981 1986 UTA;SAS C-F
60%
967 Joe Bryant 10748 1976 1983 PHI;SDC;HOU F-C
60%
181 John Wall 29548 2011 2023 WAS;HOU;LAC G
60%
714 Josh Howard 14337 2004 2013 DAL;WAS;UTA;MIN F-G
60%
166 Juwan Howard 30558 1995 2013 WSB;WAS;DAL;DEN;ORL;HOU;CHA;POR;MIA F-C
60%
105 Kevin McHale 35160 1981 1993 BOS F-C
60%
1604 Killian Hayes 4983 2021 2025 DET;BRK G
60%
57 Kyle Lowry 41564 2007 2026 MEM;HOU;TOR;MIA;PHI G
60%
62 Lenny Wilkens 39572 1961 1975 STL;SEA;CLE;POR G
60%
172 Marc Gasol 30099 2009 2021 MEM;TOR;LAL C
60%
1089 Mark Bryant 9343 1989 2003 POR;HOU;PHO;CHI;CLE;DAL;SAS;BOS;DEN;PHI F-C
60%
39 Pau Gasol 47120 2002 2019 MEM;LAL;CHI;SAS;MIL C-F
60%
1231 Saddiq Bey 8021 2021 2026 DET;ATL;NOP F
60%
1573 Smush Parker 5237 2003 2008 CLE;DET;PHO;LAL;LAC;MIA G
60%
1120 Sonny Parker 9077 1977 1982 GSW F-G
60%
1466 Thomas Bryant 6038 2018 2026 LAL;WAS;DEN;MIA;IND;CLE C
60%
44 Tony Parker 45306 2002 2019 SAS;CHO G
60%
980 Anfernee Simons 10518 2019 2026 POR;BOS G
56%
506 Anthony Edwards 18497 2021 2026 MIN G-F
56%
1083 Armond Hill 9435 1977 1984 ATL;SEA;SDC;MIL G
56%
640 Ben Simmons 15549 2018 2025 PHI;BRK;LAC G-F
56%
718 Blue Edwards 14306 1990 1999 UTA;MIL;BOS;VAN;MIA G-F
56%
1237 Bobby Simmons 7972 2002 2012 WAS;LAC;MIL;NJN;SAS G-F
56%
36 Carmelo Anthony 47843 2004 2022 DEN;NYK;OKC;HOU;POR;LAL F
56%
144 Chris Bosh 32499 2004 2016 TOR;MIA F-C
56%
1213 Chuck Hayes 8195 2006 2016 HOU;SAC;TOR F-C
56%
194 CJ McCollum 28716 2014 2026 POR;NOP G
56%
922 Connie Simmons 11384 1947 1956 BOS;BLB;NYK;SYR;ROC C-F
56%
271 Derrick Rose 25315 2009 2024 CHI;NYK;CLE;MIN;DET;MEM G
56%
1745 Franklin Edwards 4059 1982 1988 PHI;LAC;SAC G
56%
384 George Hill 21839 2009 2023 SAS;IND;UTA;CLE;SAC;MIL;OKC;PHI G
56%
108 Grant Hill 34729 1995 2013 DET;ORL;PHO;LAC F-G
56%
249 Jalen Rose 25975 1995 2007 DEN;IND;CHI;TOR;NYK;PHO G-F
56%
234 James Edwards 26766 1978 1996 IND;LAL;CLE;PHO;DET;LAC;POR;CHI C-F
56%
127 James Worthy 33243 1983 1994 LAL F
56%
1415 Jarvis Hayes 6287 2004 2010 WAS;DET;NJN F
56%
1554 Jaxson Hayes 5402 2020 2026 NOP;LAL F
56%
1699 Jonathon Simmons 4263 2016 2019 SAS;ORL;PHI G-F
56%
1346 Jordan Hill 6868 2010 2017 HOU;NYK;LAL;IND;MIN C-F
56%
162 Karl-Anthony Towns 30738 2016 2026 MIN;NYK C-F
56%
829 Kevin Edwards 12616 1989 2001 MIA;NJN;ORL;VAN G
56%
830 Lionel Simmons 12611 1991 1997 SAC F-G
56%
904 Malik Rose 11558 1997 2009 CHH;SAS;NYK;OKC F-C
56%
28 Robert Parish 51496 1977 1997 GSW;BOS;CHH;CHI C
56%
1499 Solomon Hill 5819 2014 2022 IND;NOP;MEM;MIA;ATL F
56%
245 Trae Young 26010 2019 2026 ATL G
56%
542 Tyrone Hill 17739 1991 2004 GSW;CLE;MIL;PHI;MIA F
56%
1396 Victor Wembanyama 6442 2024 2026 SAS C-F
56%
562 Yao Ming 17313 2003 2011 HOU C
56%
1443 Aaron Holiday 6174 2019 2026 IND;PHO;WAS;ATL;HOU G
52%
68 Al Horford 38977 2008 2026 ATL;BOS;PHI;OKC;GSW C-F
52%
1867 Anthony Black 3522 2024 2026 ORL G
52%
571 Bill Walton 17109 1975 1987 POR;SDC;LAC;BOS C-F
52%
381 Bobby Jones 21898 1975 1986 DEN;PHI F
52%
352 Bob Love 22718 1967 1977 CIN;CHI;MIL;NYN;SEA F
52%
54 Bob Pettit 42493 1955 1965 MLH;STL F-C
52%
408 Caldwell Jones 21324 1974 1990 PHI;HOU;CHI;POR;SAS C-F
52%
1222 Charles Jones 8145 1984 1998 PHI;CHI;WSB;DET;HOU F-C
52%
1150 Cole Anthony 8804 2021 2026 ORL;MIL G
52%
1418 Dahntay Jones 6277 2004 2017 MEM;SAC;DEN;IND;ATL;DAL;LAC;CLE G-F
52%
1983 Damian Jones 2930 2017 2024 GSW;ATL;LAL;PHO;SAC;UTA;CLE F-C
52%
1026 Damon Jones 10037 1999 2009 BOS;NJN;DAL;GSW;VAN;DET;SAC;MIL;MIA;CLE G
52%
1260 Danny Young 7780 1985 1995 SEA;POR;LAC;DET;MIL G
52%
1410 Davion Mitchell 6337 2022 2026 SAC;MIA;TOR G
52%
358 De'Aaron Fox 22545 2018 2026 SAC;SAS G
52%
544 Dejounte Murray 17693 2017 2025 SAS;ATL;NOP G
52%
1284 Derrick Jones Jr. 7441 2017 2026 PHO;MIA;POR;CHI;DAL;LAC F
52%
242 Donovan Mitchell 26086 2018 2026 UTA;CLE G
52%
1810 Dorie Murrey 3758 1967 1972 DET;SEA;BAL;POR F-C
52%
749 Dwight Jones 13789 1974 1983 ATL;HOU;CHI;LAL F-C
52%
1612 Earl Tatum 4906 1977 1980 LAL;IND;BOS;DET;CLE G-F
52%
211 Eddie Jones 27760 1995 2008 LAL;CHH;MIA;MEM;DAL G-F
52%
1383 Edgar Jones 6562 1981 1986 NJN;DET;SAS;CLE F-C
52%
1335 Fred Jones 6956 2003 2009 IND;POR;TOR;NYK;LAC G-F
52%
673 Greg Anthony 15021 1992 2002 NYK;VAN;SEA;POR;CHI;MIL G
52%
1495 Herbert Jones 5862 2022 2026 NOP F
52%
1285 Howard Porter 7433 1972 1978 CHI;DET;NYK;NJN F-C
52%
367 Jamal Murray 22345 2017 2026 DEN G
52%
1320 James Jones 7110 2004 2017 IND;PHO;POR;MIA;CLE F-G
52%
728 Jaren Jackson Jr. 14115 2019 2026 MEM F
52%
413 Jarrett Jack 21155 2006 2018 POR;IND;TOR;NOH;GSW;CLE;BRK;NOP;NYK G
52%
188 Jayson Tatum 29013 2018 2025 BOS F
52%
1812 Joel Anthony 3744 2008 2017 MIA;BOS;DET;SAS C
52%
61 Jrue Holiday 39576 2010 2026 PHI;NOP;MIL;BOS;POR G
52%
1347 Jumaine Jones 6860 2000 2007 PHI;CLE;BOS;LAL;CHA;PHO F
52%
1002 Justin Holiday 10280 2013 2024 PHI;GSW;ATL;CHI;NYK;MEM;IND;SAC;DAL;DEN F
52%
675 K.C. Jones 15006 1959 1967 BOS G
52%
1446 Keegan Murray 6154 2023 2026 SAC F
52%
1947 Ken Murray 3108 1951 1955 BLB;FTW;PHW G-F
52%
132 Kevin Love 32901 2009 2026 MIN;CLE;MIA;UTA F-C
52%
411 Kevin Porter 21200 1973 1983 BAL;CAP;WSB;DET;NJN G
52%
1161 Kevin Porter Jr. 8682 2020 2026 CLE;HOU;LAC;MIL G
52%
709 Lamond Murray 14429 1995 2006 LAC;CLE;TOR;NJN F
52%
1633 Lloyd Walton 4785 1977 1981 MIL;KCK G
52%
827 Lucious Jackson 12656 1965 1972 PHI F-C
52%
1205 Luke Walton 8228 2004 2013 LAL;CLE F
52%
1799 Major Jones 3815 1980 1985 HOU;DET F
52%
1492 Marc Jackson 5895 2001 2007 GSW;MIN;PHI;NJN;NOK C
52%
1531 Meyers Leonard 5608 2013 2023 POR;MIA;MIL C-F
52%
869 Michael Porter Jr. 12121 2020 2026 DEN;BRK F
52%
335 Mike Mitchell 23223 1979 1988 CLE;SAS F
52%
1025 Naz Reid 10061 2020 2026 MIN F
52%
892 Nick Young 11724 2008 2019 WAS;LAC;PHI;LAL;GSW;DEN G-F
52%
931 Otto Porter Jr. 11305 2014 2024 WAS;CHI;ORL;GSW;TOR F
52%
1076 Popeye Jones 9560 1994 2004 DAL;TOR;BOS;DEN;WAS;GSW F
52%
1115 Ronald Murray 9129 2003 2010 MIL;SEA;CLE;DET;IND;ATL;CHA;CHI G
52%
205 Rudy Gobert 28104 2014 2026 UTA;MIN C
52%
199 Sam Jones 28477 1958 1969 BOS G-F
52%
631 Sam Mitchell 15858 1990 2002 MIN;IND F
52%
1125 Slick Leonard 9029 1957 1963 MNL;LAL;CHP;CHZ G
52%
1990 Stan Love 2899 1972 1975 BAL;LAL F
52%
1587 Terrence Jones 5098 2013 2019 HOU;MIL;NOP F
52%
67 Terry Porter 39140 1986 2002 POR;MIN;MIA;SAS G
52%
201 Thaddeus Young 28321 2008 2024 PHI;BRK;MIN;IND;CHI;SAS;TOR;PHO F
52%
1104 Tracy Murray 9219 1993 2004 POR;HOU;TOR;WSB;WAS;DEN;LAL F
52%
1303 Tre Jones 7233 2021 2026 SAS;CHI G
52%
784 Tyrese Maxey 13333 2021 2026 PHI G
52%
721 Tyus Jones 14239 2016 2026 MIN;MEM;WAS;PHO;ORL G
52%
882 Voshon Lenard 11878 1996 2006 MIA;DEN;TOR;POR G
52%
817 Wali Jones 12837 1965 1976 BAL;PHI;MIL;DET G
52%
85 Wes Unseld 37097 1969 1981 BAL;CAP;WSB C-F
52%
1886 Wil Jones 3421 1970 1978 IND;BUF F
52%
1725 Willie Jones 4153 1961 1965 DET G
52%
87 Andre Iguodala 36685 2005 2023 PHI;DEN;GSW;MIA F-G
48%
284 Anfernee Hardaway 24879 1994 2008 ORL;PHO;NYK;MIA G-F
48%
345 Bam Adebayo 22953 2018 2026 MIA C-F
48%
237 Ben Wallace 26304 1997 2012 WSB;WAS;ORL;DET;CHI;CLE F-C
48%
658 Bobby Jackson 15338 1998 2009 DEN;MIN;SAC;MEM;NOK;HOU;NOH G
48%
471 Brent Barry 19307 1996 2009 LAC;MIA;CHI;SEA;SAS;HOU G
48%
1881 Cason Wallace 3459 2024 2026 OKC G
48%
633 Corliss Williamson 15800 1996 2007 SAC;DET;TOR;PHI F
48%
138 Dikembe Mutombo 32678 1992 2009 DEN;ATL;PHI;NJN;NYK;HOU C
48%
464 George Mikan 19468 1949 1956 MNL C
48%
427 Gerald Wallace 20621 2002 2015 SAC;CHA;POR;NJN;BRK;BOS F
48%
1963 Isaiah Jackson 3036 2022 2026 IND C-F
48%
445 Jalen Brunson 20049 2019 2026 DAL;NYK G
48%
656 Ja Morant 15356 2020 2026 MEM G
48%
1614 Jaren Jackson 4896 1990 2002 NJN;GSW;LAC;POR;PHI;HOU;WSB;SAS;ORL G-F
48%
641 Jim Fox 15548 1968 1977 CIN;DET;PHO;CHI;SEA;MIL;NYN C-F
48%
303 Jim Jackson 24303 1993 2006 DAL;NJN;GSW;PHI;POR;ATL;CLE;MIA;SAC;HOU;PHO;LAL G
48%
1613 John Wallace 4906 1997 2004 NYK;TOR;DET;PHO;MIA F
48%
1165 John Williamson 8651 1974 1981 IND;NYN;NJN;WSB G
48%
933 Jon Barry 11278 1993 2006 MIL;GSW;ATL;LAL;SAC;DET;DEN;HOU G
48%
1489 Josh Jackson 5923 2018 2022 PHO;MEM;DET;SAC F-G
48%
1956 Justin Jackson 3055 2018 2024 SAC;DAL;MIL;OKC;BOS;PHO;MIN G-F
48%
75 LaMarcus Aldridge 37886 2007 2022 POR;SAS;BRK F-C
48%
929 LaMelo Ball 11329 2021 2026 CHO G
48%
1090 Lonzo Ball 9326 2018 2026 LAL;NOP;CHI;CLE G
48%
51 Mark Jackson 43456 1988 2004 NYK;LAC;IND;DEN;TOR;UTA;HOU G
48%
1210 Nickeil Alexander-Walker 8206 2020 2026 NOP;UTA;MIN;ATL G
48%
872 Phil Jackson 12109 1968 1980 NYK;NJN F-C
48%
101 Rajon Rondo 35469 2007 2022 BOS;DAL;SAC;CHI;NOP;LAL;ATL;LAC;CLE G
48%
114 Rasheed Wallace 34329 1996 2013 WSB;POR;ATL;DET;BOS;NYK F-C
48%
341 Reggie Jackson 23034 2012 2025 OKC;DET;LAC;DEN;PHI G
48%
94 Rick Barry 36046 1966 1980 SFW;GSW;HOU F
48%
1865 Rick Brunson 3528 1998 2006 POR;NYK;BOS;CHI;TOR;LAC;HOU;SEA G
48%
422 Rick Fox 20788 1992 2004 BOS;LAL F-G
48%
331 Shai Gilgeous-Alexander 23346 2019 2026 LAC;OKC G
48%
131 Shawn Kemp 32986 1990 2003 SEA;CLE;POR;ORL F-C
48%
288 Stephen Jackson 24776 2001 2014 NJN;SAS;ATL;IND;GSW;CHA;MIL;LAC F-G
48%
1652 Tim Frazier 4628 2015 2022 PHI;POR;NOP;WAS;MIL;DET;MEM;CLE;ORL G
48%
96 Tim Hardaway 35951 1990 2003 GSW;MIA;DAL;DEN;IND G
48%
512 Tim Hardaway Jr. 18446 2014 2026 NYK;ATL;DAL;DET;DEN G
48%
663 Tyrese Haliburton 15276 2021 2025 SAC;IND G
48%
106 Walt Frazier 35062 1968 1980 NYK;CLE G
48%
1043 Zion Williamson 9845 2020 2026 NOP F-C
48%
861 Aaron Brooks 12192 2008 2018 HOU;PHO;SAC;DEN;CHI;IND;MIN G
44%
405 Aaron Gordon 21353 2015 2026 ORL;DEN F
44%
1520 Adrian Griffin 5659 2000 2008 BOS;DAL;HOU;CHI;SEA G-F
44%
852 Albert King 12291 1982 1992 NJN;PHI;SAS;WSB F-G
44%
198 Alonzo Mourning 28488 1993 2008 CHH;MIA;NJN C-F
44%
124 Alvan Adams 33431 1976 1988 PHO C-F
44%
193 Amar'e Stoudemire 28746 2003 2016 PHO;NYK;DAL;MIA F-C
44%
494 Andrew Bogut 18814 2006 2019 MIL;GSW;CLE;DAL;LAL C
44%
523 Ben Gordon 18185 2005 2015 CHI;DET;CHA;ORL G
44%
143 Bernard King 32505 1978 1993 NJN;UTA;GSW;NYK;WSB F
44%
229 Billy Cunningham 27037 1966 1976 PHI F-C
44%
173 Blake Griffin 30078 2011 2023 LAC;DET;BRK;BOS F-C
44%
555 Brian Grant 17463 1995 2006 SAC;POR;MIA;LAL;PHO F
44%
935 Cade Cunningham 11238 2022 2026 DET G
44%
93 Chauncey Billups 36136 1998 2014 BOS;TOR;DEN;MIN;DET;NYK;LAC G
44%
79 Chris Webber 37711 1994 2008 GSW;WSB;WAS;SAC;PHI;DET F-C
44%
210 Damon Stoudamire 27777 1996 2008 TOR;POR;MEM;SAS G
44%
1155 Dante Cunningham 8741 2010 2019 POR;CHA;MEM;MIN;NOP;BRK;SAS F
44%
1997 Dick Cunningham 2878 1969 1975 MIL;HOU C
44%
819 Dillon Brooks 12822 2018 2026 MEM;HOU;PHO F-G
44%
262 Domantas Sabonis 25575 2017 2026 OKC;IND;SAC C-F
44%
1085 Don Adams 9415 1971 1977 SDR;ATL;HOU;DET;BUF F
44%
1601 Eddie Griffin 5010 2002 2007 HOU;MIN F-C
44%
1755 Ed Mikan 4003 1949 1954 CHS;ROC;PHW;WSC;INO;BOS C-F
44%
309 Eric Gordon 23896 2009 2026 LAC;NOH;NOP;HOU;PHO;PHI G-F
44%
823 Gary Grant 12745 1989 2001 LAC;NYK;MIA;POR G
44%
972 George King 10678 1952 1958 SYR;CIN G
44%
682 Harvey Grant 14880 1989 1999 WSB;POR;WAS;PHI F
44%
115 Horace Grant 34296 1988 2004 CHI;ORL;SEA;LAL F-C
44%
1465 Hub Reed 6043 1959 1965 STL;CIN;LAL;DET C-F
44%
564 Jerami Grant 17208 2015 2026 PHI;OKC;DEN;DET;POR F
44%
1735 Jerian Grant 4117 2016 2020 NYK;CHI;ORL;WAS G
44%
1036 Jim King 9913 1964 1973 LAL;SFW;CIN;CHI G
44%
531 Kristaps Porzingis 17914 2016 2026 NYK;DAL;WAS;BOS;ATL F-C
44%
713 Kyle Anderson 14346 2015 2026 SAS;MEM;MIN;GSW;MIA;UTA F-G
44%
391 Michael Adams 21650 1986 1996 SAC;WSB;DEN;CHH G
44%
1201 Michael Brooks 8245 1981 1988 SDC;IND;DEN F
44%
716 Neal Walk 14323 1970 1977 PHO;NOJ;NYK C
44%
1217 Paul Griffin 8170 1977 1983 NOJ;SAS F-C
44%
1789 Paul Reed 3852 2021 2026 PHI;DET F
44%
1113 Reggie King 9148 1980 1985 KCK;SEA F
44%
762 Ryan Anderson 13658 2009 2020 NJN;ORL;NOH;NOP;HOU;MIA;PHO F
44%
1238 Scott Brooks 7967 1989 1998 PHI;MIN;HOU;DAL;NYK;CLE G
44%
1487 Stacey King 5934 1990 1997 CHI;MIN;MIA;BOS;DAL F-C
44%
516 Steven Adams 18350 2014 2026 OKC;NOP;MEM;HOU C
44%
122 Tiny Archibald 33671 1971 1984 CIN;KCO;KCK;NYN;BOS;MIL G
44%
95 Vlade Divac 35960 1990 2005 LAL;CHH;SAC C
44%
265 Willis Reed 25461 1965 1974 NYK C-F
44%
1692 Alan Anderson 4339 2006 2017 CHA;TOR;BRK;WAS;LAC G-F
40%
42 Alex English 45450 1977 1991 MIL;IND;DEN;DAL F
40%
1717 Al Tucker 4178 1968 1972 SEA;CIN;BAL;CHI F
40%
148 Antoine Walker 32392 1997 2008 BOS;DAL;ATL;MIA;MIN F
40%
799 Arvydas Sabonis 13142 1996 2003 POR C
40%
169 Bill Bridges 30225 1963 1975 STL;ATL;PHI;LAL;GSW F-C
40%
1933 Bill Turner 3164 1968 1973 SFW;CIN;GSW;LAL;POR F
40%
1432 Caleb Martin 6227 2020 2026 CHO;MIA;DAL;PHI F
40%
123 Chet Walker 33626 1963 1975 SYR;PHI;CHI F-G
40%
141 Chris Mullin 32558 1986 2001 GSW;IND F-G
40%
1736 Cody Martin 4117 2020 2026 CHO;PHO;IND G-F
40%
541 Darrell Walker 17785 1984 1993 NYK;DEN;WSB;DET;CHI G
40%
1271 Darrick Martin 7631 1995 2008 MIN;VAN;LAC;SAC;DAL;TOR G
40%
109 Dave Cowens 34636 1971 1983 BOS;MIL C-F
40%
700 Derek Anderson 14594 1998 2008 CLE;LAC;SAS;POR;HOU;MIA;CHA G
40%
1530 Dyson Daniels 5612 2023 2026 NOP;ATL G
40%
1377 Elston Turner 6624 1982 1989 DAL;DEN;CHI G-F
40%
582 Evan Turner 16900 2011 2020 PHI;IND;BOS;POR;ATL G
40%
777 Foots Walker 13472 1975 1984 CLE;NJN G
40%
939 Greg Anderson 11214 1988 1998 SAS;MIL;DEN;NJN;DET;ATL F-C
40%
1738 Jason Hart 4098 2001 2010 MIL;SAS;CHA;SAC;LAC;UTA;DEN;MIN;NOH G
40%
77 Jason Terry 37803 2000 2018 ATL;DAL;BOS;BRK;HOU;MIL G
40%
1286 Jeff Turner 7430 1985 1996 NJN;ORL F-C
40%
489 Jimmy Walker 18907 1968 1976 DET;HOU;KCO;KCK G
40%
646 Josh Hart 15502 2018 2026 LAL;NOP;POR;NYK G
40%
191 Julius Randle 28896 2015 2026 LAL;NOP;NYK;MIN F-C
40%
216 Kemba Walker 27514 2012 2023 CHA;CHO;BOS;NYK;DAL G
40%
251 Kenny Anderson 25935 1992 2005 NJN;CHH;POR;BOS;NOH;SEA;IND;ATL;LAC G
40%
1428 Kenny Walker 6244 1987 1995 NYK;WSB F
40%
375 Kenyon Martin 21981 2001 2015 NJN;DEN;LAC;NYK;MIL F
40%
508 Kevin Martin 18478 2005 2016 SAC;HOU;OKC;MIN;SAS G
40%
222 Khris Middleton 27358 2013 2026 DET;MIL;WAS F-G
40%
1610 KJ Martin 4930 2021 2025 HOU;LAC;PHI;UTA F
40%
344 Kyle Korver 22989 2004 2020 PHI;UTA;CHI;ATL;CLE;MIL G-F
40%
1922 LaRue Martin 3238 1973 1976 POR C
40%
1515 Lonnie Walker IV 5688 2019 2025 SAS;LAL;BRK;PHI G
40%
224 Metta World Peace 27254 2000 2017 CHI;IND;SAC;HOU;LAL;NYK F
40%
573 Mikal Bridges 17089 2019 2026 PHO;BRK;NYK F-G
40%
773 Miles Bridges 13510 2019 2026 CHO G-F
40%
467 Myles Turner 19398 2016 2026 IND;MIL C-F
40%
364 Nick Anderson 22448 1990 2002 ORL;SAC;MEM F-G
40%
91 Nikola Vucevic 36161 2012 2026 PHI;ORL;CHI C
40%
264 Pascal Siakam 25527 2017 2026 TOR;IND F-C
40%
624 P.J. Tucker 16047 2007 2025 TOR;PHO;HOU;MIL;MIA;PHI;LAC;NYK F
40%
195 Red Kerr 28644 1955 1966 SYR;PHI;BAL C-F
40%
1565 Richard Anderson 5328 1983 1990 SDC;DEN;HOU;POR;CHH F-C
40%
853 Ron Anderson 12283 1985 1994 CLE;IND;PHI;NJN;WSB F-G
40%
1510 Samaki Walker 5734 1997 2006 DAL;SAS;LAL;MIA;WAS;IND F
40%
302 Serge Ibaka 24315 2010 2023 OKC;ORL;TOR;LAC;MIL F-C
40%
948 Shandon Anderson 11054 1997 2006 UTA;HOU;NYK;MIA F-G
40%
534 Slater Martin 17861 1950 1960 MNL;NYK;STL G
40%
439 Spud Webb 20365 1986 1998 ATL;SAC;MIN;ORL G
40%
923 Steve Kerr 11376 1989 2003 PHO;CLE;ORL;CHI;SAS;POR G
40%
1508 Talen Horton-Tucker 5743 2020 2025 LAL;UTA;CHI G-F
40%
851 Trent Tucker 12294 1983 1993 NYK;SAS;CHI G
40%
1208 Wally Walker 8223 1977 1984 POR;SEA;HOU F
40%
680 Willie Anderson 14932 1989 1997 SAS;NYK;TOR;MIA G-F
40%
336 Zach LaVine 23212 2015 2026 MIN;CHI;SAC G-F
40%
78 Adrian Dantley 37752 1977 1991 BUF;IND;LAL;UTA;DET;DAL;MIL F-G
36%
1836 Anthony Randolph 3649 2009 2014 GSW;MIN;NYK;DEN F
36%
619 Antonio Daniels 16127 1998 2011 VAN;SAS;POR;SEA;WAS;NOH;PHI G
36%
281 Bill Cartwright 24930 1980 1995 NYK;CHI;SEA C
36%
128 Bill Laimbeer 33241 1981 1994 CLE;DET C
36%
1932 Bobby Lewis 3168 1968 1971 SFW;CLE G
36%
99 Bob McAdoo 35541 1973 1986 BUF;NYK;BOS;DET;NJN;LAL;PHI C-F
36%
1529 Chet Holmgren 5617 2024 2026 OKC F-C
36%
460 Danny Schayes 19546 1982 1999 UTA;DEN;MIL;LAL;PHO;MIA;ORL C-F
36%
150 Dave DeBusschere 31979 1963 1974 DET;NYK F-G
36%
235 Derek Fisher 26637 1997 2014 LAL;GSW;UTA;OKC;DAL G
36%
86 Derek Harper 36817 1984 1999 DAL;NYK;ORL;LAL G
36%
65 Dolph Schayes 39290 1950 1964 SYR;PHI F-C
36%
499 Fred VanVleet 18677 2017 2025 TOR;HOU G
36%
107 Gail Goodrich 35061 1966 1979 LAL;PHO;NOJ G
36%
1588 Gene Conley 5096 1953 1964 BOS;NYK C-F
36%
135 George Gervin 32779 1973 1986 SAS;CHI G-F
36%
232 Goran Dragic 26787 2009 2023 PHO;HOU;MIA;BRK;TOR;CHI;MIL G
36%
278 Harrison Barnes 25064 2013 2026 GSW;DAL;SAC;SAS F
36%
1253 Jim Barnes 7827 1965 1971 NYK;BAL;LAL;CHI;BOS C-F
36%
151 Joe Dumars 31943 1986 1999 DET G
36%
772 Kendrick Perkins 13529 2004 2018 BOS;OKC;CLE;NOP C
36%
1326 Manute Bol 7080 1986 1995 WSB;GSW;PHI;MIA C
36%
1134 Marquis Daniels 8995 2004 2013 DAL;IND;BOS;MIL G-F
36%
1903 Marvin Barnes 3331 1975 1980 DET;BUF;BOS;SDC F-C
36%
540 Matt Barnes 17817 2004 2017 LAC;SAC;NYK;PHI;GSW;PHO;ORL;LAL;MEM F
36%
525 Michael Redd 18132 2001 2012 MIL;PHO G
36%
70 Mike Conley 38844 2008 2026 MEM;UTA;MIN G
36%
81 Nate Thurmond 37308 1964 1977 SFW;GSW;CHI;CLE C-F
36%
337 Peja Stojakovic 23205 1999 2011 SAC;IND;NOK;NOH;DAL;TOR F
36%
223 Pete Maravich 27297 1971 1980 ATL;NOJ;BOS;UTA G
36%
203 Rashard Lewis 28260 1999 2014 SEA;ORL;WAS;MIA F
36%
715 Reggie Lewis 14329 1988 1993 BOS G-F
36%
161 Ron Harper 30753 1987 2001 CLE;LAC;CHI;LAL G-F
36%
142 Sam Perkins 32511 1985 2001 DAL;LAL;SEA;IND F-C
36%
884 Scottie Barnes 11867 2022 2026 TOR G-F
36%
1917 Troy Daniels 3260 2014 2020 HOU;CHO;MIN;MEM;PHO;DEN;LAL G
36%
92 Zach Randolph 36141 2002 2018 POR;NYK;LAC;MEM;SAC F-C
36%
1594 Aaron Wiggins 5052 2022 2026 OKC G
32%
1921 A.J. Price 3238 2010 2015 IND;WAS;MIN;CLE;PHO G
32%
290 Andrew Wiggins 24716 2015 2026 MIN;GSW;MIA F-G
32%
1740 Art Harris 4091 1969 1972 SEA;PHO G
32%
1058 Austin Reaves 9743 2022 2026 LAL G
32%
323 Bob Boozer 23570 1961 1971 CIN;NYK;LAL;CHI;SEA;MIL F
32%
1557 Bob Harris 5379 1950 1954 FTW;BOS F-C
32%
479 Brandon Ingram 19103 2017 2026 LAL;NOP;TOR F
32%
1460 Brent Price 6084 1993 2002 WSB;HOU;VAN;SAC G
32%
1082 Bryant Reeves 9438 1996 2001 VAN C
32%
154 Calvin Murphy 31604 1971 1983 SDR;HOU G
32%
175 Carlos Boozer 29949 2003 2015 CLE;UTA;CHI;LAL F-C
32%
850 Chris Mills 12297 1994 2003 CLE;NYK;GSW F
32%
1056 Clint Richardson 9762 1980 1987 PHI;IND G
32%
426 Cuttino Mobley 20662 1999 2009 HOU;ORL;SAC;LAC G
32%
269 DeMarcus Cousins 25357 2011 2022 SAC;NOP;GSW;HOU;LAC;DEN;MIL C-F
32%
880 Desmond Bane 12001 2021 2026 MEM;ORL G
32%
116 Detlef Schrempf 34295 1986 2001 DAL;IND;SEA;POR F-C
32%
349 Devin Harris 22774 2005 2019 DAL;NJN;UTA;ATL;DEN G
32%
1550 Don Collins 5424 1981 1987 ATL;WSB;GSW;MIL F-G
32%
790 Doug Collins 13212 1974 1981 PHI G-F
32%
119 Elton Brand 33975 2000 2016 CHI;LAC;PHI;DAL;ATL F-C
32%
945 Evan Mobley 11097 2022 2026 CLE F-C
32%
1673 Freddie Crawford 4498 1967 1971 NYK;LAL;MIL;BUF;PHI G-F
32%
890 Gary Harris 11756 2015 2026 DEN;ORL;MIL G
32%
182 Glen Rice 29532 1990 2004 MIA;CHH;LAL;NYK;HOU;LAC F
32%
63 Hal Greer 39498 1959 1973 SYR;PHI G-F
32%
112 Jamal Crawford 34500 2001 2020 CHI;NYK;GSW;ATL;POR;LAC;MIN;PHO;BRK G
32%
1617 Jarron Collins 4888 2002 2011 UTA;PHO;LAC;POR F-C
32%
1218 Jason Collins 8159 2002 2014 NJN;MEM;MIN;ATL;BOS;WAS;BRK C
32%
257 Jason Richardson 25805 2002 2015 GSW;CHA;PHO;ORL;PHI G
32%
899 Jim Price 11619 1973 1979 LAL;MIL;BUF;DEN;DET G
32%
490 Joakim Noah 18897 2008 2020 CHI;NYK;MEM;LAC C
32%
1132 Joe Harris 9000 2015 2024 CLE;BRK;DET G
32%
678 John Collins 14958 2018 2026 ATL;UTA;LAC F
32%
1435 Jordan Crawford 6220 2011 2018 ATL;WAS;BOS;GSW;NOP G
32%
802 Jordan Poole 13093 2020 2026 GSW;WAS;NOP G
32%
843 Josh Richardson 12371 2016 2025 MIA;PHI;DAL;BOS;SAS;NOP G
32%
103 Kevin Willis 35344 1985 2007 ATL;MIA;GSW;HOU;TOR;DEN;SAS;DAL F-C
32%
1634 Khalid Reeves 4785 1995 2000 MIA;CHH;NJN;DAL;DET;CHI G
32%
936 Lucious Harris 11236 1994 2005 DAL;PHI;NJN;CLE G
32%
459 Marcus Smart 19588 2015 2026 BOS;MEM;WAS;LAL G
32%
500 Mark Eaton 18627 1983 1993 UTA C
32%
275 Mark Price 25164 1987 1998 CLE;WSB;GSW;ORL G
32%
1356 Maurice Evans 6804 2002 2012 MIN;SAC;DET;LAL;ORL;ATL;WAS G
32%
399 Michael Ray Richardson 21469 1979 1986 NYK;GSW;NJN G-F
32%
1041 Mike Evans 9850 1980 1988 SAS;MIL;CLE;DEN G
32%
1312 Mitchell Wiggins 7177 1984 1992 CHI;HOU;PHI G
32%
126 Mitch Richmond 33298 1989 2002 GSW;SAC;WAS;LAL G
32%
1711 Nick Richards 4208 2021 2026 CHO;PHO F-C
32%
214 Paul Arizin 27571 1951 1962 PHW F-G
32%
1226 Payton Pritchard 8115 2021 2026 BOS G
32%
519 Pooh Richardson 18265 1990 1999 MIN;IND;LAC G
32%
665 Quentin Richardson 15242 2001 2013 LAC;PHO;NYK;MIA;ORL G-F
32%
937 Reggie Evans 11224 2003 2015 SEA;DEN;PHI;TOR;LAC;BRK;SAC F
32%
296 Rik Smits 24549 1989 2000 IND C
32%
1575 Ronnie Price 5227 2006 2017 SAC;UTA;PHO;POR;ORL;LAL G
32%
159 Rudy Gay 31033 2007 2023 MEM;TOR;SAC;SAS;UTA F
32%
104 Sam Cassell 35268 1994 2008 HOU;DAL;NJN;PHO;MIL;MIN;LAC;BOS G
32%
279 Sidney Moncrief 24976 1980 1991 MIL;ATL G
32%
380 Steve Francis 21898 2000 2008 HOU;ORL;NYK G
32%
952 Taurean Prince 11020 2017 2026 ATL;BRK;CLE;MIN;LAL;MIL F
32%
289 Tayshaun Prince 24752 2003 2016 DET;MEM;BOS;MIN F
32%
767 Terry Mills 13586 1991 2001 DEN;NJN;DET;MIA;IND F
32%
171 Tobias Harris 30141 2012 2026 MIL;ORL;DET;LAC;PHI F
32%
254 Trevor Ariza 25848 2005 2022 NYK;ORL;LAL;HOU;NOH;WAS;PHO;POR;SAC;MIA F
32%
1299 Trey Murphy III 7280 2022 2026 NOP F
32%
605 Troy Murphy 16523 2002 2013 GSW;IND;BOS;NJN;LAL;DAL F-C
32%
745 Tyler Herro 13855 2020 2026 MIA G
32%
486 Tyreke Evans 18921 2010 2019 SAC;NOP;MEM;IND G-F
32%
274 Tyson Chandler 25219 2002 2020 CHI;NOK;NOH;CHA;DAL;NYK;PHO;LAL;HOU C
32%
642 Wilson Chandler 15547 2008 2020 NYK;DEN;LAC;PHI;BRK F
32%
1319 Zach Collins 7110 2018 2026 POR;SAS;CHI C-F
32%
230 Al Jefferson 26940 2005 2018 BOS;MIN;UTA;CHA;CHO;IND C-F
28%
208 Andre Drummond 27859 2013 2026 DET;CLE;LAL;BRK;PHI;CHI C
28%
561 Antoine Carr 17349 1985 2000 ATL;SAC;SAS;UTA;HOU;VAN F-C
28%
326 Archie Clark 23454 1967 1976 LAL;PHI;BAL;CAP;SEA;DET G
28%
155 Artis Gilmore 31531 1972 1988 CHI;SAS;BOS C
28%
585 Bobby Portis 16843 2016 2026 CHI;WAS;NYK;MIL F
28%
64 Bob Lanier 39357 1971 1984 DET;MIL C
28%
743 Bogdan Bogdanovic 13900 2018 2026 SAC;ATL;LAC G
28%
546 Bojan Bogdanovic 17647 2015 2024 BRK;WAS;IND;UTA;DET;NYK G-F
28%
1394 Brandon Clarke 6457 2020 2026 MEM F
28%
1887 Chris Carr 3419 1996 2001 PHO;MIN;NJN;CHI;GSW;BOS G
28%
1716 Cory Alexander 4181 1996 2005 SAS;DEN;ORL;CHA G
28%
1962 Darvin Ham 3042 1997 2005 DEN;IND;WAS;MIL;ATL;DET F
28%
1883 Don Reid 3438 1996 2003 DET;WAS;ORL F
28%
168 Earl Monroe 30326 1968 1980 BAL;NYK G
28%
407 Gilbert Arenas 21327 2002 2012 GSW;WAS;ORL;MEM G
28%
304 Gordon Hayward 24187 2011 2024 UTA;BOS;CHO;OKC F-G
28%
536 Greg Monroe 17853 2011 2022 DET;MIL;BOS;PHO;PHI;TOR;MIN;UTA;WAS C-F
28%
1845 Ian Clark 3620 2014 2019 UTA;DEN;GSW;NOP G
28%
1145 Isaiah Hartenstein 8843 2019 2026 HOU;CLE;DEN;LAC;NYK;OKC F
28%
876 Jeremy Lin 12037 2011 2019 GSW;NYK;HOU;LAL;CHO;BRK;ATL;TOR G
28%
1937 Jerry Chambers 3151 1967 1974 LAL;PHO;ATL;BUF F
28%
470 Jim Paxson 19312 1980 1990 POR;BOS G-F
28%
730 John Paxson 14080 1984 1994 SAS;CHI G
28%
225 Jonas Valanciunas 27240 2013 2026 TOR;MEM;NOP;SAC;WAS;DEN C
28%
906 Josh Giddey 11551 2022 2026 OKC;CHI G
28%
895 J.R. Reid 11643 1990 2001 CHH;SAS;NYK;LAL;MIL;CLE F
28%
532 Jusuf Nurkic 17906 2015 2026 DEN;POR;PHO;CHO;UTA C
28%
270 Kendall Gill 25340 1991 2005 CHH;SEA;NJN;MIA;MIN;CHI;MIL G
28%
618 Kenny Carr 16140 1978 1987 LAL;CLE;DET;POR F
28%
1370 Keon Clark 6703 1999 2004 DEN;TOR;SAC;UTA F-C
28%
978 Kevon Looney 10534 2016 2026 GSW;NOP F-C
28%
558 Kyle Kuzma 17408 2018 2026 LAL;WAS;MIL F
28%
136 Lamar Odom 32762 2000 2013 LAC;MIA;LAL;DAL F
28%
156 Latrell Sprewell 31471 1993 2005 GSW;NYK;MIN G
28%
1984 Leon Powe 2928 2007 2011 BOS;CLE;MEM F
28%
83 Maurice Cheeks 37218 1979 1993 PHI;NYK;SAS;ATL;NJN G
28%
844 M.L. Carr 12369 1976 1985 DET;BOS F-G
28%
800 OG Anunoby 13141 2018 2026 TOR;NYK F
28%
1061 Paolo Banchero 9716 2023 2026 ORL F
28%
654 Patty Mills 15361 2010 2025 POR;SAS;BRK;ATL;MIA;LAC;UTA G
28%
637 Ralph Sampson 15689 1984 1992 HOU;GSW;SAC;WSB C-F
28%
177 Richard Hamilton 29812 2000 2013 WAS;DET;CHI G-F
28%
202 Richard Jefferson 28314 2002 2018 NJN;MIL;SAS;GSW;UTA;DAL;CLE;DEN F
28%
361 Ricky Rubio 22468 2012 2023 MIN;UTA;PHO;CLE G
28%
334 Robert Reid 23225 1978 1991 HOU;CHH;POR;PHI F-G
28%
1441 Rondae Hollis-Jefferson 6178 2016 2021 BRK;TOR;POR F
28%
71 Shawn Marion 38218 2000 2015 PHO;MIA;TOR;DAL;CLE F
28%
98 Tom Chambers 35557 1982 1998 SDC;SEA;PHO;UTA;CHH;PHI F-C
28%
307 Tom Heinsohn 24021 1957 1965 BOS F-C
28%
515 Tree Rollins 18390 1978 1995 ATL;CLE;DET;HOU;ORL C
28%
1636 Victor Alexander 4770 1992 2002 GSW;DET C-F
28%
190 World B. Free 28954 1976 1988 PHI;SDC;GSW;CLE;HOU G
28%
273 Xavier McDaniel 25220 1986 1998 SEA;PHO;NYK;BOS;NJN F
28%
1169 Alex Caruso 8608 2018 2026 LAL;CHI;OKC G
24%
912 Alperen Sengun 11495 2022 2026 HOU C-F
24%
1203 Al Wood 8233 1982 1987 ATL;SDC;SEA;DAL G-F
24%
113 Antawn Jamison 34496 1999 2014 GSW;DAL;WAS;CLE;LAL;LAC F
24%
883 Austin Rivers 11876 2013 2023 NOH;NOP;LAC;HOU;WAS;DEN;NYK;MIN G
24%
815 Avery Bradley 12911 2011 2022 BOS;DET;LAC;MEM;LAL;HOU;MIA G
24%
483 Bill Bradley 19004 1968 1977 NYK F-G
24%
286 Boris Diaw 24804 2004 2017 ATL;PHO;CHA;SAS;UTA F-C
24%
88 Charles Oakley 36572 1986 2004 CHI;NYK;TOR;WAS;HOU F-C
24%
1453 Charlie Bell 6134 2002 2011 DAL;PHO;MIL;GSW G
24%
612 Chris Morris 16405 1989 1999 NJN;UTA;PHO F
24%
1182 Christian Wood 8399 2016 2024 PHI;CHO;MIL;NOP;DET;HOU;DAL;LAL F
24%
204 Danny Ainge 28243 1982 1995 BOS;SAC;POR;PHO G
24%
651 Darius Garland 15425 2020 2026 CLE G
24%
1882 David Wood 3459 1989 1997 CHI;HOU;SAS;DET;GSW;DAL;PHO;MIL F
24%
1142 De'Andre Hunter 8906 2020 2026 ATL;CLE F
24%
247 Doc Rivers 25996 1984 1996 ATL;LAC;NYK;SAS G
24%
376 Don Nelson 21978 1963 1976 CHZ;LAL;BOS F
24%
374 Doug Christie 22010 1993 2007 LAL;NYK;TOR;SAC;ORL;DAL;LAC G-F
24%
1259 Dudley Bradley 7787 1980 1989 IND;PHO;CHI;WSB;MIL;NJN;ATL G-F
24%
992 Dwight Powell 10379 2015 2026 BOS;DAL F-C
24%
209 Fat Lever 27787 1983 1994 POR;DEN;DAL G
24%
957 Franz Wagner 10902 2022 2026 ORL G-F
24%
1464 Gary Neal 6053 2011 2017 SAS;CHA;MIL;CHO;MIN;WAS;ATL G
24%
958 Gorgui Dieng 10897 2014 2023 MIN;MEM;SAS;ATL C
24%
311 Hedo Turkoglu 23868 2001 2015 SAC;SAS;ORL;TOR;PHO;LAC F
24%
754 Henry Bibby 13725 1973 1981 NYK;NOJ;PHI;SDC G
24%
320 Jameer Nelson 23654 2005 2018 ORL;BOS;DAL;DEN;DET;NOP G
24%
691 JaVale McGee 14728 2009 2024 WAS;DEN;PHI;DAL;GSW;LAL;CLE;PHO;SAC C
24%
529 Jim Washington 17983 1966 1976 STL;CHI;PHI;ATL;BUF F-C
24%
447 JJ Redick 19953 2007 2021 ORL;MIL;LAC;PHI;NOP;DAL G
24%
351 John Starks 22734 1989 2002 GSW;NYK;CHI;UTA G
24%
679 Kelly Oubre Jr. 14954 2016 2026 WAS;PHO;GSW;CHO;PHI F
24%
915 Kermit Washington 11450 1974 1988 LAL;BOS;SDC;POR;GSW F-C
24%
877 Lance Stephenson 12033 2011 2022 IND;CHO;LAC;MEM;MIN;NOP;LAL;ATL G-F
24%
1763 Leon Wood 3952 1985 1991 PHI;WSB;NJN;ATL;SAS;SAC G
24%
554 Lindsey Hunter 17499 1994 2010 DET;MIL;LAL;TOR;CHI G
24%
1011 Lloyd Neal 10207 1973 1979 POR C-F
24%
1813 Louie Nelson 3735 1974 1978 CAP;NOJ;SAS;KCK;NJN G
24%
246 Luol Deng 26009 2005 2019 CHI;CLE;MIA;LAL;MIN F
24%
495 Marcin Gortat 18792 2008 2019 ORL;PHO;WAS;LAC C-F
24%
219 Marcus Camby 27450 1997 2013 TOR;NYK;DEN;LAC;POR;HOU C-F
24%
507 Marcus Morris 18480 2012 2024 HOU;PHO;DET;BOS;LAC;NYK;CLE;PHI F
24%
622 Markieff Morris 16096 2012 2025 PHO;WAS;OKC;DET;LAL;MIA;BRK;DAL F
24%
1960 Max Christie 3045 2023 2026 LAL;DAL G
24%
1177 Mike McGee 8489 1982 1990 LAL;ATL;SAC;NJN;PHO G-F
24%
1088 Monte Morris 9373 2018 2026 DEN;WAS;DET;MIN;PHO;IND G
24%
1468 Moritz Wagner 6024 2019 2025 LAL;WAS;BOS;ORL F-C
24%
476 Neil Johnston 19168 1952 1959 PHW C
24%
1153 Nic Claxton 8776 2020 2026 BRK C
24%
220 Nicolas Batum 27436 2009 2026 POR;CHO;LAC;PHI F-G
24%
683 Norman Powell 14877 2016 2026 TOR;POR;LAC;MIA G
24%
1457 Norris Cole 6090 2012 2017 MIA;NOP;OKC G
24%
146 Paul Millsap 32487 2007 2022 UTA;ATL;DEN;BRK;PHI F
24%
1808 Pearl Washington 3767 1987 1989 NJN;MIA G
24%
921 P.J. Washington 11395 2020 2026 CHO;DAL F
24%
812 Raja Bell 12969 2001 2012 PHI;DAL;UTA;PHO;CHA;GSW G
24%
1321 Richard Washington 7107 1977 1982 KCK;MIL;CLE;DAL F-C
24%
617 Shawn Bradley 16166 1994 2005 PHI;NJN;DAL C
24%
1267 Speedy Claxton 7678 2002 2009 PHI;SAS;GSW;NOH;NOK;ATL G
24%
1899 Stephon Castle 3364 2025 2026 SAS G
24%
1791 Steven Hunter 3849 2002 2010 ORL;PHO;PHI;DEN;MEM C
24%
333 Terrell Brandon 23236 1992 2002 CLE;MIL;MIN G
24%
347 Toni Kukoc 22919 1994 2006 CHI;PHI;ATL;MIL F
24%
610 Udonis Haslem 16438 2004 2023 MIA F-C
24%
598 Victor Oladipo 16604 2014 2023 ORL;OKC;IND;HOU;MIA G
24%
857 Winston Garland 12229 1988 1995 GSW;LAC;DEN;HOU;MIN G
24%
1219 Alvin Scott 8158 1978 1985 PHO F-G
20%
831 Anderson Varejao 12601 2005 2021 CLE;GSW F-C
20%
1992 Ben Coleman 2891 1987 1994 NJN;PHI;MIL;DET F
20%
634 B.J. Armstrong 15747 1990 2000 CHI;GSW;CHH;ORL G
20%
809 Bob Davies 12982 1949 1955 ROC G-F
20%
720 Bonzi Wells 14280 1999 2008 POR;MEM;SAC;HOU;NOH G-F
20%
925 Brandon Roy 11357 2007 2013 POR;MIN G
20%
492 Buddy Hield 18847 2017 2026 NOP;SAC;IND;PHI;GSW G-F
20%
187 Byron Scott 29065 1984 1997 LAL;IND;VAN G
20%
475 Charlie Scott 19185 1971 1980 PHO;BOS;LAL;DEN G-F
20%
623 Clyde Lee 16081 1967 1976 SFW;GSW;ATL;PHI F-C
20%
711 Courtney Lee 14370 2009 2020 ORL;NJN;HOU;BOS;MEM;CHO;NYK;DAL G
20%
184 Dale Ellis 29387 1984 2000 DAL;SEA;MIL;SAS;DEN;CHH G-F
20%
1649 Damion Lee 4647 2018 2025 ATL;GSW;PHO G
20%
1197 Daniel Gafford 8266 2020 2026 CHI;WAS;DAL C-F
20%
231 Dan Issel 26846 1971 1985 DEN C-F
20%
497 Darrell Armstrong 18771 1995 2008 ORL;NOH;DAL;IND;NJN G
20%
491 Darryl Dawkins 18857 1976 1989 PHI;NJN;DET;UTA C
20%
120 Dave Bing 33960 1967 1978 DET;WSB;BOS G
20%
318 David Lee 23693 2006 2017 NYK;GSW;BOS;DAL;SAS F-C
20%
1821 Day'Ron Sharpe 3693 2022 2026 BRK C
20%
684 Deandre Ayton 14875 2019 2026 PHO;POR;LAL C
20%
259 Dennis Schroder 25786 2014 2026 ATL;OKC;LAL;BOS;HOU;BRK;TOR;DET;GSW;SAC G
20%
734 Dennis Scott 14029 1991 2000 ORL;DAL;PHO;MIN;NYK;VAN F
20%
227 Derrick Coleman 27090 1991 2005 NJN;PHI;CHH;DET F-C
20%
1192 Devin Vassell 8316 2021 2026 SAS G-F
20%
1455 E.C. Coleman 6095 1974 1979 HOU;NOJ;GSW F
20%
621 Evan Fournier 16117 2013 2024 DEN;ORL;BOS;NYK;DET G-F
20%
1214 Gary Trent 8195 1996 2004 POR;TOR;DAL;MIN F
20%
1091 Gary Trent Jr. 9318 2019 2026 POR;TOR;MIL G
20%
1710 George Lee 4210 1961 1968 DET;SFW F-G
20%
1593 George Wilson 5059 1965 1971 CIN;CHI;SEA;PHI;PHO;BUF C
20%
401 Grant Long 21454 1989 2003 MIA;ATL;DET;VAN;MEM;BOS F
20%
705 Hassan Whiteside 14521 2011 2022 SAC;MIA;POR;UTA C
20%
572 Jack Coleman 17089 1950 1958 ROC;STL F-C
20%
58 Jack Sikma 40360 1978 1991 SEA;MIL C-F
20%
765 Jakob Poeltl 13597 2017 2026 TOR;SAS C
20%
100 Jeff Hornacek 35493 1987 2000 PHO;PHI;UTA G
20%
111 Jerry Lucas 34556 1964 1974 CIN;SFW;NYK F-C
20%
1112 Joe Ellis 9162 1967 1974 SFW;GSW F-G
20%
462 John Long 19527 1979 1997 DET;IND;ATL;TOR G-F
20%
218 John Lucas 27450 1977 1990 HOU;GSW;WSB;SAS;MIL;SEA G
20%
712 Johnny Dawkins 14360 1987 1995 SAS;PHI;DET G
20%
417 Jordan Clarkson 21055 2015 2026 LAL;CLE;UTA;NYK G
20%
589 Keith Van Horn 16694 1998 2006 NJN;PHI;MIL;NYK;DAL F
20%
522 Kelly Olynyk 18188 2014 2026 BOS;MIA;HOU;DET;UTA;TOR;NOP;SAS C-F
20%
1316 Kevin Ollie 7118 1998 2010 DAL;ORL;SAC;PHI;NJN;CHI;IND;MIL;SEA;CLE;MIN;OKC G
20%
1780 Kim Hughes 3881 1976 1981 NYN;NJN;DEN;CLE C
20%
694 LaPhonso Ellis 14702 1993 2003 DEN;ATL;MIN;MIA F
20%
436 Larry Hughes 20427 1999 2012 PHI;GSW;WAS;CLE;CHI;NYK;CHA;ORL G
20%
133 Larry Nance 32852 1982 1994 PHO;CLE F-C
20%
942 Larry Nance Jr. 11172 2016 2026 LAL;CLE;NOP;POR;ATL F-C
20%
698 Lauri Markkanen 14613 2018 2026 CHI;CLE;UTA F-C
20%
343 Leroy Ellis 23006 1963 1976 LAL;BAL;POR;PHI C-F
20%
955 Malik Beasley 10925 2017 2025 DEN;MIN;LAL;UTA;MIL;DET G
20%
139 Mark Aguirre 32662 1982 1994 DAL;DET;LAC F-G
20%
221 Maurice Lucas 27426 1975 1988 POR;NJN;NYK;PHO;LAL;SEA F-C
20%
806 Michael Beasley 13043 2009 2019 MIA;MIN;PHO;HOU;MIL;NYK;LAL F
20%
134 Mike Bibby 32786 1999 2012 VAN;SAC;ATL;MIA;WAS;NYK G
20%
1298 Mike Scott 7287 2013 2021 ATL;WAS;LAC;PHI F
20%
206 Monta Ellis 28051 2006 2017 GSW;MIL;DAL;IND G
20%
818 Pat Cummings 12825 1980 1991 MIL;DAL;NYK;MIA;UTA F-C
20%
409 Ray Scott 21261 1962 1972 DET;BAL F-C
20%
764 RJ Barrett 13597 2020 2026 NYK;TOR G-F
20%
285 Robert Horry 24814 1993 2008 HOU;LAL;PHO;SAS F
20%
179 Rolando Blackman 29652 1982 1994 DAL;NYK G
20%
1143 Ron Lee 8899 1977 1982 PHO;NOJ;ATL;DET G
20%
1191 Rui Hachimura 8319 2020 2026 WAS;LAL F
20%
1549 Shaedon Sharpe 5450 2023 2026 POR G
20%
121 Stephon Marbury 33703 1997 2009 MIN;NJN;PHO;NYK;BOS G
20%
1255 Terance Mann 7811 2020 2026 LAC;ATL;BRK G-F
20%
82 Terry Cummings 37287 1983 2000 SDC;MIL;SAS;SEA;NYK;PHI;GSW F
20%
1849 Tre Mann 3607 2022 2026 OKC;CHO G
20%
1964 Vonteego Cummings 3030 2000 2002 GSW;PHI G
20%
55 Walt Bellamy 42172 1962 1975 CHP;CHZ;BAL;NYK;DET;ATL;NOJ C
20%
363 Zydrunas Ilgauskas 22453 1998 2011 CLE;MIA C
20%
1989 Aaron Gray 2902 2008 2014 CHI;NOH;TOR;SAC C
16%
1020 Alan Henderson 10118 1996 2007 ATL;DAL;CLE;PHI F
16%
991 Alex Len 10390 2014 2025 PHO;ATL;SAC;TOR;WAS;LAL C
16%
328 Allan Houston 23399 1994 2005 DET;NYK G
16%
835 Andrea Bargnani 12557 2007 2016 TOR;NYK;BRK F-C
16%
256 Anthony Mason 25808 1990 2003 NJN;DEN;NYK;CHH;MIA;MIL F
16%
373 Brad Daugherty 22033 1987 1994 CLE C
16%
828 Bruce Bowen 12644 1997 2009 MIA;BOS;PHI;SAS F
16%
468 Carl Braun 19389 1948 1962 NYK;BOS G-F
16%
1776 Cedric E. Henderson 3892 1998 2002 CLE;GSW F
16%
350 Cedric Maxwell 22735 1978 1988 BOS;LAC;HOU F
16%
556 Chris Ford 17461 1973 1982 DET;BOS G-F
16%
568 Chris Kaman 17180 2004 2016 LAC;NOH;DAL;LAL;POR C
16%
1600 Christian Braun 5018 2023 2026 DEN G
16%
1337 Chuck Cooper 6933 1951 1956 BOS;MLH;FTW;STL F
16%
261 Chuck Person 25759 1987 2000 IND;MIN;SAS;CHH;SEA F
16%
774 Cliff Levingston 13501 1983 1995 DET;ATL;CHI;DEN F
16%
493 Clifford Ray 18844 1972 1981 CHI;GSW C
16%
448 Clint Capela 19946 2015 2026 HOU;ATL C
16%
566 Connie Hawkins 17193 1968 1976 PHO;LAL;ATL F-C
16%
1413 Daniel Gibson 6304 2007 2013 CLE G
16%
444 Danilo Gallinari 20103 2009 2024 NYK;DEN;LAC;OKC;ATL;DET;MIL;WAS F
16%
596 Danny Granger 16645 2006 2015 IND;LAC;MIA F
16%
1389 Darko Milicic 6512 2004 2013 DET;ORL;MEM;MIN;NYK;BOS F-C
16%
442 Darrell Griffith 20247 1981 1991 UTA G
16%
461 Darren Collison 19536 2010 2022 NOH;IND;DAL;LAC;SAC;LAL G
16%
966 DeMarre Carroll 10794 2010 2020 MEM;HOU;DEN;UTA;ATL;TOR;BRK;SAS F
16%
918 DeShawn Stevenson 11419 2001 2013 UTA;ORL;WAS;DAL;NJN;ATL G
16%
750 Desmond Mason 13779 2001 2010 SEA;MIL;NOK;OKC;SAC F
16%
1968 Dick Gibbs 3016 1972 1976 HOU;KCO;SEA;WSB;BUF F-G
16%
1366 Don Ford 6758 1976 1982 LAL;CLE F
16%
1542 Don May 5555 1969 1975 NYK;BUF;ATL;PHI;KCO F
16%
577 Enes Freedom 17014 2012 2022 UTA;OKC;NYK;POR;BOS C
16%
348 Eric Bledsoe 22883 2011 2022 LAC;PHO;MIL;NOP G
16%
510 Erick Dampier 18465 1997 2012 IND;GSW;DAL;MIA;ATL C
16%
1223 Erick Strickland 8138 1997 2005 DAL;NYK;VAN;BOS;IND;MIL G
16%
472 Eric Snow 19291 1996 2008 SEA;PHI;CLE G
16%
1147 E'Twaun Moore 8820 2012 2021 BOS;ORL;CHI;NOP;PHO G-F
16%
1179 Felton Spencer 8433 1991 2002 MIN;UTA;GSW;ORL;SAS;NYK C
16%
1623 Gabe Vincent 4854 2020 2026 MIA;LAL G
16%
603 George Yardley 16527 1954 1960 FTW;DET;SYR F-G
16%
981 Gerald Henderson Jr. 10494 2010 2017 CHA;CHO;POR;PHI G
16%
535 Gerald Henderson Sr. 17856 1980 1992 BOS;SEA;NYK;PHI;DET;MIL;HOU G
16%
185 Guy Rodgers 29357 1959 1970 PHW;SFW;CHI;CIN;MIL G
16%
215 Hersey Hawkins 27535 1989 2001 PHI;CHH;SEA;CHI G
16%
1054 Immanuel Quickley 9778 2021 2026 NYK;TOR G
16%
1359 Isaiah Stewart 6798 2021 2026 DET F-C
16%
1144 Jaden McDaniels 8851 2021 2026 MIN F
16%
584 Jae Crowder 16853 2013 2025 DAL;BOS;CLE;UTA;MEM;MIA;PHO;MIL;SAC F
16%
1885 Jalen McDaniels 3429 2020 2025 CHO;PHI;TOR;WAS F
16%
1471 Jalen Suggs 6001 2022 2026 ORL G
16%
643 Jay Vincent 15521 1982 1990 DAL;WSB;DEN;SAS;LAL;PHI F
16%
293 Jeff Mullins 24587 1965 1976 STL;SFW;GSW G-F
16%
1641 Jeremy Sochan 4746 2023 2026 SAS F-G
16%
354 Joe Barry Carroll 22652 1981 1991 GSW;HOU;NJN;DEN;PHO C-F
16%
591 Johnny Moore 16671 1981 1990 SAS;NJN G
16%
757 John Salley 13711 1987 2000 DET;MIA;CHI;TOR;LAL F-C
16%
1424 Jonathan Kuminga 6259 2022 2026 GSW F
16%
1873 Julian Champagnie 3509 2023 2026 PHI;SAS F
16%
434 Kelly Tripucka 20465 1982 1991 DET;UTA;CHH F-G
16%
737 Kerry Kittles 13974 1997 2005 NJN;LAC G
16%
875 Kevin Huerter 12064 2019 2026 ATL;SAC;CHI G
16%
299 Kiki Vandeweghe 24427 1981 1993 DEN;POR;NYK;LAC F
16%
327 Kirk Hinrich 23453 2004 2016 CHI;ATL;WAS G
16%
1094 Kris Dunn 9298 2017 2026 MIN;CHI;ATL;POR;UTA;LAC G
16%
1778 Larry Sanders 3888 2011 2017 MIL;CLE C-F
16%
1752 Larry Stewart 4032 1992 1997 WSB;SEA F
16%
1592 Leonard Gray 5060 1975 1977 SEA;WSB F
16%
186 Lou Hudson 29296 1967 1979 STL;ATL;LAL F-G
16%
1879 Louie Dampier 3465 1968 1979 SAS G
16%
970 Luc Longley 10723 1992 2001 MIN;CHI;PHO;NYK C
16%
1154 Luguentz Dort 8742 2020 2026 OKC G
16%
545 Luis Scola 17664 2008 2017 HOU;PHO;IND;TOR;BRK F
16%
1121 Luke Kennard 9076 2018 2026 DET;LAC;MEM;ATL G
16%
670 Mario Chalmers 15103 2009 2018 MIA;MEM G
16%
1896 Mark Macon 3377 1992 1999 DEN;DET G
16%
565 Mehmet Okur 17200 2003 2012 DET;UTA;NJN C-F
16%
332 Michael Cooper 23246 1979 1990 LAL G-F
16%
995 Mike Sanders 10347 1983 1993 SAS;PHO;CLE;IND F-G
16%
1324 Mikki Moore 7085 1999 2012 DET;ATL;BOS;NJN;UTA;LAC;SEA;SAC;GSW C-F
16%
297 Muggsy Bogues 24504 1988 2001 WSB;CHH;GSW;TOR G
16%
748 Nick Collison 13830 2005 2018 SEA;OKC F
16%
180 Nick Van Exel 29582 1994 2006 LAL;DEN;DAL;GSW;POR;SAS G
16%
89 Otis Thorpe 36412 1985 2001 KCK;SAC;HOU;POR;DET;VAN;WAS;MIA;CHH F-C
16%
747 Otto Moore 13839 1969 1977 DET;PHO;HOU;KCO;NOJ C-F
16%
766 Phil Ford 13586 1979 1985 KCK;MIL;NJN;HOU G
16%
1707 Quinton Ross 4221 2005 2011 LAC;MEM;DAL;WAS;NJN G
16%
1833 Ralph Simpson 3659 1971 1980 DET;DEN;NJN;PHI G-F
16%
627 Rex Chapman 15968 1989 2000 CHH;WSB;MIA;PHO G
16%
466 Rodney Rogers 19403 1994 2005 DEN;LAC;PHO;BOS;NJN;NOH;PHI F
16%
74 Rod Strickland 38105 1989 2005 NYK;SAS;POR;WSB;WAS;MIA;MIN;ORL;TOR;HOU G
16%
1469 Roger Mason 6004 2003 2014 CHI;TOR;WAS;SAS;NYK;NOH;MIA G
16%
1680 Rudy Fernandez 4454 2009 2012 POR;DEN G
16%
1888 Ryan Bowen 3417 2000 2010 DEN;HOU;NOH;OKC F
16%
1870 Sam Mack 3518 1993 2002 SAS;HOU;VAN;GSW;MIA F-G
16%
1256 Sam Vincent 7806 1986 1992 BOS;CHI;SEA;ORL G
16%
1472 Santi Aldama 5996 2022 2026 MEM F
16%
1852 Scoot Henderson 3581 2024 2025 POR G
16%
1357 Scott May 6801 1977 1983 CHI;MIL;DET F
16%
1618 Sergio Rodriguez 4885 2007 2017 POR;NYK;SAC;PHI G
16%
228 Shareef Abdur-Rahim 27043 1997 2008 VAN;ATL;POR;SAC F
16%
681 Shaun Livingston 14900 2005 2019 LAC;MIA;OKC;WAS;CHA;MIL;CLE;BRK;GSW G
16%
1287 Shelvin Mack 7409 2012 2019 WAS;ATL;PHI;UTA;ORL;CHO;MEM G
16%
504 Taj Gibson 18597 2010 2025 CHI;OKC;MIN;NYK;WAS;DET;CHO F-C
16%
780 Terrence Ross 13367 2013 2023 TOR;ORL;PHO F-G
16%
511 Terry Rozier 18458 2016 2025 BOS;CHO;MIA G
16%
864 T.J. Ford 12145 2004 2012 MIL;TOR;IND;SAS G
16%
704 Tom Hawkins 14537 1960 1969 MNL;LAL;CIN F
16%
601 Tom Henderson 16531 1975 1983 ATL;WSB;HOU G
16%
496 Tom Sanders 18772 1961 1973 BOS F
16%
873 Tony Battie 12098 1998 2012 DEN;BOS;CLE;ORL;NJN;PHI C-F
16%
1758 Toumani Camara 3977 2024 2026 POR F
16%
668 T.R. Dunn 15132 1978 1991 POR;DEN;PHO G-F
16%
1068 Troy Hudson 9652 1998 2008 UTA;LAC;ORL;MIN;GSW G
16%
410 Vernon Maxwell 21227 1989 2001 SAS;HOU;PHI;CHH;ORL;SAC;SEA;DAL G
16%
353 Vin Baker 22709 1994 2006 MIL;SEA;BOS;NYK;HOU;LAC F-C
16%
613 Wally Szczerbiak 16317 2000 2009 MIN;BOS;CLE;SEA F
16%
513 Wayne Cooper 18426 1979 1992 GSW;UTA;DAL;POR;DEN C-F
16%
717 Wesley Person 14318 1995 2005 PHO;CLE;MEM;ATL;POR;DEN;MIA G
16%
659 Aaron McKie 15335 1995 2007 POR;DET;PHI;LAL G-F
12%
664 Alec Burks 15266 2012 2025 UTA;CLE;SAC;GSW;PHI;NYK;DET;MIA G
12%
779 Al-Farouq Aminu 13388 2011 2021 LAC;NOH;NOP;DAL;POR;ORL;CHI F
12%
388 Andrei Kirilenko 21733 2002 2015 UTA;MIN;BRK F
12%
934 Andrew Bynum 11246 2006 2014 LAL;CLE;IND C
12%
1430 Anthony Bowie 6232 1989 1998 SAS;HOU;ORL;NYK G-F
12%
241 Antonio McDyess 26147 1996 2011 DEN;PHO;NYK;DET;SAS F-C
12%
129 Bailey Howell 33217 1960 1971 DET;BAL;BOS;PHI F
12%
386 Bill Sharman 21793 1951 1961 WSC;BOS G
12%
563 Billy Knight 17301 1975 1985 IND;BUF;BOS;KCK;SAS G-F
12%
580 Brandon Jennings 16965 2010 2018 MIL;DET;ORL;NYK;WAS G
12%
893 Brandon Knight 11701 2012 2022 DET;MIL;PHO;CLE;HOU;DAL G
12%
775 Brendan Haywood 13487 2002 2015 WAS;DAL;CHA;CLE C
12%
549 Brevin Knight 17585 1998 2009 CLE;ATL;MEM;MIL;PHO;WAS;CHA;LAC;UTA G
12%
1175 Brian Taylor 8501 1973 1982 KCK;DEN;SDC G
12%
647 Caris LeVert 15491 2017 2026 BRK;IND;CLE;ATL;DET G-F
12%
956 Chandler Parsons 10915 2012 2020 HOU;DAL;MEM;ATL F
12%
820 Charlie Ward 12799 1995 2005 NYK;SAS;HOU G
12%
783 C.J. Miles 13334 2006 2022 UTA;CLE;IND;TOR;MEM;WAS;BOS G-F
12%
1066 C.J. Watson 9668 2008 2017 GSW;CHI;BRK;IND;ORL G
12%
1035 Cody Zeller 9916 2014 2024 CHA;CHO;POR;MIA;NOP C-F
12%
752 Corey Brewer 13745 2008 2020 MIN;DAL;DEN;HOU;LAL;OKC;PHI;SAC F-G
12%
1555 Corey Kispert 5401 2022 2026 WAS G-F
12%
390 Corey Maggette 21657 2000 2013 ORL;LAC;GSW;MIL;CHA;DET F
12%
1695 Danuel House Jr. 4305 2017 2024 WAS;PHO;HOU;NYK;UTA;PHI G
12%
1097 Darius Miles 9256 2001 2009 LAC;CLE;POR;MEM F
12%
272 David Wesley 25269 1994 2007 NJN;BOS;CHH;NOH;HOU;CLE G
12%
1401 Davis Bertans 6423 2017 2024 SAS;WAS;DAL;CHO;OKC F
12%
1250 De'Anthony Melton 7847 2019 2026 PHO;MEM;PHI;GSW G
12%
1590 DeSagana Diop 5094 2002 2013 CLE;DAL;NJN;CHA C
12%
1262 Devonte' Graham 7759 2019 2024 CHO;NOP;SAS G
12%
253 Dick Van Arsdale 25929 1966 1977 NYK;PHO G-F
12%
926 Donte DiVincenzo 11352 2019 2026 MIL;SAC;GSW;NYK;MIN G
12%
378 Donyell Marshall 21950 1995 2009 GSW;MIN;UTA;CHI;TOR;CLE;SEA;PHI F
12%
898 Earl Boykins 11624 1999 2012 CLE;NJN;ORL;LAC;GSW;DEN;MIL;CHA;WAS;HOU G
12%
609 Earl Watson 16482 2002 2014 SEA;MEM;DEN;OKC;IND;UTA;POR G
12%
1053 Eddie House 9788 2001 2011 MIA;LAC;CHA;MIL;SAC;PHO;NJN;BOS;NYK G
12%
832 Eddie Miles 12596 1964 1972 DET;BAL;NYK G-F
12%
418 Ed Macauley 20962 1950 1959 STB;BOS;STL C-F
12%
329 Elden Campbell 23397 1991 2005 LAL;CHH;NOH;SEA;DET;NJN C
12%
630 Emeka Okafor 15883 2005 2018 CHA;NOH;WAS;NOP C-F
12%
1360 Emmanuel Mudiay 6796 2016 2022 DEN;NYK;UTA;SAC G
12%
478 Gene Shue 19105 1955 1964 NYK;PHW;FTW;DET;BAL G
12%
1486 Gheorghe Muresan 5940 1994 2000 WSB;NJN C
12%
944 Greg Ostertag 11135 1996 2006 UTA;SAC C
12%
1323 Isaac Austin 7089 1992 2002 UTA;PHI;MIA;LAC;ORL;WAS;VAN;MEM C
12%
667 Ivica Zubac 15174 2017 2026 LAL;LAC C
12%
1507 Jaden Ivey 5745 2023 2026 DET G
12%
1679 Jahlil Okafor 4456 2016 2025 PHI;BRK;NOP;DET;IND C-F
12%
200 Jamaal Wilkes 28392 1975 1986 GSW;LAL;LAC F-G
12%
382 Jamal Mashburn 21896 1994 2004 DAL;MIA;CHH;NOH F
12%
453 James Donaldson 19759 1981 1995 SEA;SDC;LAC;DAL;NYK;UTA C
12%
1809 James Hardy 3765 1979 1982 NOJ;UTA F-C
12%
1101 James Silas 9228 1973 1982 SAS;CLE G
12%
298 Jeff Teague 24429 2010 2021 ATL;IND;MIN;BOS;MIL G
12%
192 Jerry Stackhouse 28884 1996 2013 PHI;DET;WAS;DAL;MIL;MIA;ATL;BRK G-F
12%
858 Jim Brewer 12213 1974 1982 CLE;DET;POR;LAL F-C
12%
581 J.J. Barea 16924 2007 2020 DAL;MIN G
12%
941 Joe Fulks 11194 1947 1954 PHW F-C
12%
1759 Joey Graham 3969 2006 2011 TOR;DEN;CLE F
12%
1829 John Warren 3673 1970 1974 NYK;CLE G-F
12%
1926 Jonny Flynn 3208 2010 2012 MIN;HOU;POR G
12%
1912 Keita Bates-Diop 3285 2019 2024 MIN;DEN;SAS;BRK;PHO F
12%
706 Kurt Rambis 14517 1982 1995 LAL;CHH;PHO;SAC F
12%
1753 Landry Fields 4027 2011 2015 NYK;TOR F
12%
1440 Landry Shamet 6182 2019 2026 LAC;PHI;BRK;PHO;WAS;NYK G
12%
315 Larry Foust 23772 1951 1962 FTW;MNL;STL C-F
12%
840 Malik Monk 12435 2018 2026 CHO;LAL;SAC G
12%
477 Mason Plumlee 19112 2014 2026 BRK;POR;DEN;DET;CHO;LAC;PHO C-F
12%
1014 Maurice Taylor 10168 1998 2007 LAC;HOU;NYK;SAC F
12%
145 Michael Finley 32490 1996 2010 PHO;DAL;SAS;BOS G-F
12%
1164 Mickael Pietrus 8656 2004 2013 GSW;ORL;PHO;BOS;TOR G-F
12%
412 Mike Dunleavy Jr. 21196 2003 2017 GSW;IND;MIL;CHI;ATL;CLE F-G
12%
1133 Mike Dunleavy Sr. 8998 1977 1990 PHI;HOU;SAS;MIL G
12%
530 Mike Woodson 17960 1981 1991 NYK;KCK;NJN;SAC;LAC;HOU;CLE G-F
12%
1751 Miles Plumlee 4036 2013 2019 IND;PHO;MIL;CHO;ATL C-F
12%
152 Mookie Blaylock 31829 1990 2002 NJN;ATL;GSW G
12%
776 Morris Peterson 13475 2001 2011 TOR;NOH;OKC F
12%
1746 Moses Moody 4058 2022 2026 GSW G
12%
1388 Naji Marshall 6525 2021 2026 NOP;DAL F
12%
1771 Negele Knight 3924 1991 1999 PHO;SAS;DET;POR;TOR G
12%
167 Norm Nixon 30335 1978 1989 LAL;SDC;LAC G
12%
505 Olden Polynice 18548 1988 2004 SEA;LAC;DET;SAC;UTA C-F
12%
366 Orlando Woolridge 22347 1982 1994 CHI;NJN;LAL;DEN;DET;MIL;PHI F
12%
416 Otis Birdsong 21056 1978 1989 KCK;NJN;BOS G
12%
2000 Paul Graham 2871 1992 1994 ATL F-G
12%
395 Paul Pressey 21519 1983 1993 MIL;SAS;GSW G-F
12%
130 Paul Silas 33215 1965 1980 STL;ATL;PHO;BOS;DEN;SEA F-C
12%
276 Paul Westphal 25163 1973 1984 BOS;PHO;SEA;NYK G
12%
1893 Peyton Watson 3379 2023 2026 DEN G-F
12%
986 Randy Breuer 10464 1984 1994 MIL;MIN;ATL;SAC C
12%
239 Raymond Felton 26168 2006 2019 CHA;DEN;NYK;POR;DAL;LAC;OKC G
12%
84 Reggie Theus 37217 1979 1991 CHI;KCK;SAC;ATL;ORL;NJN G
12%
196 Richie Guerin 28607 1957 1970 NYK;STL;ATL G
12%
1585 Robert Traylor 5115 1999 2005 MIL;CLE;CHH;NOH F
12%
1042 Ron Brewer 9849 1979 1986 POR;SAS;CLE;GSW;NJN;CHI G
12%
1193 Ronnie Brewer 8314 2007 2014 UTA;MEM;CHI;NYK;OKC;HOU G-F
12%
1868 Royal Ivey 3522 2005 2014 ATL;MIL;PHI;OKC G
12%
839 Royce O'Neale 12448 2018 2026 UTA;BRK;PHO F
12%
661 Roy Hibbert 15306 2009 2017 IND;LAL;CHO;DEN C
12%
793 Ruben Patterson 13200 1999 2008 LAL;SEA;POR;DEN;MIL;LAC F
12%
305 Rudy Tomjanovich 24113 1971 1981 SDR;HOU F
12%
795 Sam Bowie 13187 1985 1995 POR;NJN;LAL C-F
12%
1743 Sam Hauser 4086 2022 2026 BOS F
12%
1528 Sasha Pavlovic 5622 2004 2013 UTA;CLE;MIN;BOS;DAL;NOH;POR G-F
12%
357 Scott Wedman 22547 1975 1987 KCO;KCK;CLE;BOS F-G
12%
263 Sidney Wicks 25569 1972 1981 POR;BOS;SDC F-C
12%
217 Sleepy Floyd 27469 1983 1995 GSW;NJN;HOU;SAS G
12%
548 Spencer Dinwiddie 17590 2015 2025 DET;BRK;DAL;WAS;LAL G
12%
243 Spencer Haywood 26076 1970 1983 SEA;NYK;NOJ;LAL;WSB F-C
12%
1701 Steve Patterson 4249 1972 1976 CLE;CHI C
12%
1149 Stromile Swift 8807 2001 2009 VAN;MEM;HOU;NJN;PHO F
12%
1167 T.J. Warren 8615 2015 2024 PHO;IND;BRK;MIN F
12%
1434 Toby Knight 6223 1978 1982 NYK F
12%
355 Tom Van Arsdale 22590 1966 1977 DET;CIN;KCO;PHI;ATL;PHO F-G
12%
801 Tony Campbell 13124 1985 1995 DET;LAL;MIN;NYK;DAL;CLE F-G
12%
1905 Travis Knight 3326 1997 2003 LAL;BOS;NYK C
12%
594 Ty Lawson 16653 2010 2017 DEN;HOU;IND;SAC;WAS G
12%
1475 Tyler Zeller 5977 2013 2020 CLE;BOS;BRK;MIL;ATL;MEM;SAS F-C
12%
653 Vinny Del Negro 15390 1989 2002 SAC;SAS;MIL;GSW;PHO G
12%
1114 Walt Wesley 9130 1967 1976 CIN;CHI;CLE;PHO;CAP;MIL;PHI;LAL C
12%
450 Wesley Matthews 19875 2010 2024 UTA;POR;DAL;IND;NYK;MIL;LAL;ATL G
12%
1123 Wes Matthews 9054 1981 1990 ATL;WSB;PHI;CHI;SAS;LAL G
12%
655 Will Barton 15359 2013 2023 POR;DEN;TOR;WAS G
12%
1427 Will Bynum 6246 2006 2015 GSW;DET;WAS G
12%
1496 Aaron Nesmith 5852 2021 2026 BOS;IND G-F
8%
310 Al Harrington 23890 1999 2014 IND;ATL;GSW;NYK;DEN;ORL;WAS F
8%
976 Andrew Lang 10638 1989 2000 PHO;PHI;ATL;MIN;MIL;CHI;NYK C
8%
1355 Andrew Nembhard 6807 2023 2026 IND G
8%
1234 Anthony Morrow 7983 2009 2017 GSW;NJN;ATL;DAL;NOP;OKC;CHI G
8%
1914 Antoine Wright 3278 2006 2011 NJN;DAL;TOR;SAC G-F
8%
340 Armen Gilliam 23088 1988 2000 PHO;CHH;PHI;NJN;MIL;UTA F-C
8%
615 Arnie Risen 16283 1949 1958 ROC;BOS C-F
8%
1311 Aron Baynes 7188 2013 2021 SAS;DET;BOS;PHO;TOR C
8%
1978 Austin Daye 2953 2010 2015 DET;MEM;SAS;TOR;ATL F
8%
1368 Ayo Dosunmu 6707 2022 2026 CHI G
8%
451 Benoit Benjamin 19832 1986 2000 LAC;SEA;LAL;NJN;MIL;VAN;TOR;PHI;CLE C
8%
1930 Bilal Coulibaly 3178 2024 2026 WAS F
8%
1314 Bill Wennington 7157 1986 2000 DAL;SAC;CHI C
8%
636 Billy Owens 15699 1992 2001 GSW;MIA;SAC;SEA;PHI;DET F-G
8%
836 Bismack Biyombo 12544 2012 2026 CHA;CHO;TOR;ORL;PHO;MEM;OKC;SAS C-F
8%
1009 Bobby Phills 10215 1992 2000 CLE;CHH G
8%
157 Bob Dandridge 31460 1970 1982 MIL;WSB F-G
8%
1050 Bob Harrison 9807 1950 1958 MNL;MLH;STL;SYR G
8%
1787 Bones Hyland 3852 2022 2026 DEN;LAC;MIN G
8%
1525 Brandan Wright 5646 2008 2018 GSW;NJN;DAL;BOS;PHO;MEM;HOU F-C
8%
1658 Brandin Podziemski 4583 2024 2026 GSW G
8%
1687 Brian Cook 4366 2004 2012 LAL;ORL;HOU;LAC;WAS F
8%
433 Brian Shaw 20487 1989 2003 BOS;MIA;ORL;GSW;PHI;POR;LAL G
8%
724 Calbert Cheaney 14206 1994 2006 WSB;WAS;BOS;DEN;UTA;GSW G-F
8%
1714 Carlos Rogers 4195 1995 2002 GSW;TOR;POR;HOU;IND C-F
8%
672 Cedric Ceballos 15061 1991 2001 PHO;LAL;DAL;DET;MIA F
8%
1278 Charlie Criss 7517 1978 1985 ATL;SDC;MIL G
8%
1017 Chris Andersen 10146 2002 2017 DEN;NOH;NOK;MIA;MEM;CLE C-F
8%
854 Chris Childs 12263 1995 2003 NJN;NYK;TOR G
8%
312 Christian Laettner 23846 1993 2005 MIN;ATL;DET;DAL;WAS;MIA F-C
8%
741 Chucky Atkins 13916 2000 2010 ORL;DET;BOS;LAL;MEM;WAS;DEN;OKC G
8%
1086 Clark Kellogg 9414 1983 1987 IND F
8%
238 Cliff Hagan 26235 1957 1970 STL F-G
8%
359 Clyde Lovellette 22502 1954 1964 MNL;CIN;STL;BOS C-F
8%
811 Collin Sexton 12973 2019 2026 CLE;UTA;CHO G
8%
690 Cory Joseph 14731 2012 2025 SAS;TOR;IND;SAC;DET;GSW;ORL G
8%
845 Craig Hodges 12346 1983 1992 SDC;MIL;PHO;CHI G
8%
1819 Daequan Cook 3702 2008 2013 MIA;OKC;CHI;HOU G
8%
1338 Daniel Theis 6933 2018 2025 BOS;CHI;HOU;IND;LAC;NOP C
8%
277 Dan Majerle 25128 1989 2002 PHO;CLE;MIA G-F
8%
287 Dan Roundfield 24781 1976 1987 IND;ATL;DET;WSB F-C
8%
1668 Dante Exum 4526 2015 2025 UTA;CLE;DAL G
8%
1367 Darrell Arthur 6752 2009 2018 MEM;DEN F
8%
785 Darwin Cook 13331 1981 1989 NJN;WSB;DEN;SAS G
8%
1031 Delon Wright 9977 2016 2025 TOR;MEM;DAL;DET;SAC;ATL;WAS;MIA;MIL;NYK G
8%
533 Derrick Favors 17879 2011 2022 NJN;UTA;NOP;OKC F-C
8%
324 Derrick McKey 23483 1988 2002 SEA;IND;PHI F-C
8%
1100 Dorell Wright 9232 2005 2015 MIA;GSW;PHI;POR F-G
8%
1300 Drazen Petrovic 7269 1990 1993 POR;NJN G
8%
971 Earl Lloyd 10687 1951 1960 WSC;SYR;DET F-C
8%
1215 Francisco Garcia 8187 2006 2015 SAC;HOU F-G
8%
1358 Greg Buckner 6799 2000 2009 DAL;PHI;DEN;MIN;MEM G
8%
1117 Greivis Vasquez 9121 2011 2017 MEM;NOH;SAC;TOR;MIL;BRK G
8%
744 Herm Gilliam 13893 1970 1977 CIN;BUF;ATL;SEA;POR G-F
8%
1220 Iman Shumpert 8154 2012 2021 NYK;CLE;HOU;SAC;BRK G
8%
1502 Isaac Okoro 5791 2021 2026 CLE;CHI G-F
8%
1629 Isaiah Joe 4809 2021 2026 PHI;OKC G
8%
635 Isaiah Rider 15715 1994 2002 MIN;POR;ATL;LAL;DEN G
8%
248 Jack Twyman 25986 1956 1966 ROC;CIN F-G
8%
1702 Jamario Moon 4247 2008 2012 TOR;MIA;CLE;LAC;CHA F
8%
599 James Posey 16560 2000 2011 DEN;HOU;MEM;MIA;BOS;NOH;IND F-G
8%
1198 Jared Jeffries 8262 2003 2013 WAS;NYK;HOU;POR F
8%
392 Jay Humphries 21595 1985 1995 PHO;MIL;UTA;BOS G
8%
1295 Jeff Cook 7365 1980 1988 PHO;CLE;SAS;UTA F-C
8%
989 Jeremy Lamb 10416 2013 2022 OKC;CHO;IND;SAC G-F
8%
213 Jerome Kersey 27658 1985 2001 POR;GSW;LAL;SEA;SAS;MIL F
8%
1920 Jerome Lane 3255 1989 1993 DEN;IND;MIL;CLE F
8%
1232 Jerry Reynolds 8000 1986 1996 MIL;SEA;ORL G-F
8%
1936 Jiri Welsch 3152 2003 2006 GSW;BOS;CLE;MIL G
8%
1245 Jodie Meeks 7881 2010 2019 MIL;PHI;LAL;DET;ORL;WAS;TOR G
8%
677 Joe Ingles 14961 2015 2026 UTA;MIL;ORL;MIN F-G
8%
963 Joe Kleine 10834 1986 2000 SAC;BOS;PHO;LAL;NJN;CHI;POR C
8%
1598 Johan Petro 5031 2006 2013 SEA;DEN;OKC;NJN;ATL C
8%
586 John Bagley 16837 1983 1994 CLE;NJN;BOS;ATL G
8%
292 John Drew 24643 1975 1985 ATL;UTA F-G
8%
588 John Salmons 16713 2003 2015 PHI;SAC;CHI;MIL;TOR;NOP G-F
8%
587 Jon McGlocklin 16735 1966 1976 CIN;SDR;MIL G-F
8%
1608 Jose Alvarado 4947 2022 2026 NOP G
8%
387 Jose Calderon 21733 2006 2019 TOR;DET;DAL;NYK;ATL;LAL;CLE G
8%
1488 Josh Okogie 5928 2019 2026 MIN;PHO;CHO;HOU G
8%
1170 Keith Bogans 8607 2004 2014 ORL;CHA;HOU;MIL;SAS;CHI;NJN;BRK;BOS G-F
8%
469 Kentavious Caldwell-Pope 19381 2014 2026 DET;LAL;WAS;DEN;ORL;MEM G
8%
662 Kevin Duckworth 15281 1987 1997 POR;SAS;WSB;MIL;LAC C
8%
891 Kris Humphries 11729 2005 2017 UTA;TOR;DAL;NJN;BRK;BOS;WAS;ATL;PHO F-C
8%
538 Larry Drew 17836 1981 1991 DET;KCK;SAC;LAC;LAL G
8%
911 Larry Steele 11525 1972 1980 POR G-F
8%
1353 Larry Wright 6817 1977 1982 WSB;DET G
8%
1049 Lewis Lloyd 9817 1982 1990 GSW;HOU;PHI G-F
8%
1439 Linas Kleiza 6190 2006 2013 DEN;TOR F
8%
761 Lorenzen Wright 13664 1997 2009 LAC;ATL;MEM;SAC;CLE F-C
8%
1583 Luke Kornet 5157 2018 2026 NYK;CHI;BOS;CLE;MIL;SAS C-F
8%
1538 Luther Head 5567 2006 2011 HOU;MIA;IND;SAC G
8%
696 Mahmoud Abdul-Rauf 14627 1991 2001 DEN;SAC;VAN G
8%
685 Malcolm Brogdon 14874 2017 2025 MIL;IND;BOS;POR;WAS G
8%
708 Marco Belinelli 14448 2008 2020 GSW;TOR;NOH;CHI;SAS;SAC;CHO;ATL;PHI G-F
8%
689 Mario Elie 14797 1991 2001 GSW;PHI;POR;HOU;SAS;PHO G-F
8%
1417 Markelle Fultz 6280 2018 2025 PHI;ORL;SAC G
8%
1654 Marquese Chriss 4605 2017 2022 PHO;CLE;HOU;GSW;DAL F
8%
1158 Martell Webster 8691 2006 2015 POR;MIN;WAS G-F
8%
1350 Marvin Bagley III 6839 2019 2026 SAC;DET;WAS;MEM F-C
8%
888 Marvin Webster 11800 1976 1987 DEN;SEA;NYK;MIL C
8%
1331 Maxi Kleber 7021 2018 2026 DAL;LAL F
8%
1302 Max Strus 7249 2020 2025 CHI;MIA;CLE G
8%
1744 Melvin Ely 4065 2003 2014 LAC;CHA;SAS;NOH;DEN;NOP C
8%
1102 Michael Olowokandi 9226 1999 2007 LAC;MIN;BOS C
8%
1790 Miles McBride 3849 2022 2026 NYK G
8%
1485 Moochie Norris 5946 1997 2006 VAN;SEA;HOU;NYK;NOK G
8%
389 Nate McMillan 21657 1987 1998 SEA G-F
8%
283 Norm Van Lier 24883 1970 1979 CIN;CHI;MIL G
8%
1235 Onyeka Okongwu 7982 2021 2026 ATL F
8%
1038 Othella Harrington 9891 1997 2008 HOU;VAN;NYK;CHI;CHA F-C
8%
1140 Pat Connaughton 8916 2016 2026 POR;MIL;CHO G
8%
666 Patrick Beverley 15238 2013 2024 HOU;LAC;MIN;CHI;LAL;MIL;PHI G
8%
993 Patrick Patterson 10370 2011 2021 HOU;SAC;TOR;OKC;LAC F
8%
1315 Pat Riley 7137 1968 1976 SDR;LAL;PHO G-F
8%
313 Purvis Short 23845 1979 1990 GSW;HOU;NJN F-G
8%
611 Quinn Buckner 16409 1977 1986 MIL;BOS;IND G
8%
575 Rafer Alston 17061 2000 2010 MIL;TOR;MIA;HOU;ORL;NJN G
8%
446 Rick Mahorn 19964 1981 1999 WSB;DET;PHI;NJN C-F
8%
1207 Rodney Hood 8224 2015 2022 UTA;CLE;POR;TOR;LAC;MIL G-F
8%
1788 Ron Riley 3852 1973 1976 KCO;HOU F
8%
454 Rony Seikaly 19748 1989 1999 MIA;GSW;ORL;NJN C
8%
570 Samuel Dalembert 17140 2002 2015 PHI;SAC;HOU;MIL;DAL;NYK C
8%
1236 Sarunas Marciulionis 7974 1990 1997 GSW;SEA;SAC;DEN G
8%
1378 Sasha Vujacic 6605 2005 2017 LAL;NJN;LAC;NYK G
8%
1822 Scott Lloyd 3693 1977 1983 MIL;BUF;CHI;SDC;DAL C-F
8%
608 Scott Skiles 16485 1987 1996 MIL;IND;ORL;WSB;PHI G
8%
438 Sean Elliott 20371 1990 2001 SAS;DET F
8%
1574 Shabazz Napier 5237 2015 2020 MIA;ORL;POR;BRK;MIN;WAS G
8%
1484 Shake Milton 5947 2019 2025 PHI;DET;MIN;NYK;BRK;LAL G
8%
474 Shane Battier 19207 2002 2014 MEM;HOU;MIA F
8%
1871 Sharone Wright 3518 1995 1998 PHI;TOR F-C
8%
1951 Simone Fontecchio 3071 2023 2026 UTA;DET;MIA F
8%
1923 Steve Novak 3231 2007 2017 HOU;LAC;DAL;SAS;NYK;TOR;OKC;UTA;MIL F
8%
1863 Tellis Frank 3537 1988 1994 GSW;MIA;MIN F-C
8%
528 Terry Tyler 18006 1979 1989 DET;SAC;DAL F-G
8%
813 Thabo Sefolosha 12959 2007 2020 CHI;OKC;ATL;UTA;HOU G-F
8%
722 Theo Ratliff 14239 1996 2011 DET;PHI;ATL;POR;BOS;MIN;CHA;SAS;LAL C-F
8%
560 T.J. McConnell 17372 2016 2026 PHI;IND G
8%
1039 Todd Day 9880 1993 2001 MIL;BOS;MIA;PHO;MIN G-F
8%
947 Tom McMillen 11071 1976 1986 BUF;NYK;ATL;WSB F-C
8%
920 Tom Owens 11407 1972 1983 HOU;POR;IND;DET C-F
8%
1802 Trendon Watford 3794 2022 2026 POR;BRK;PHI F
8%
1166 Trenton Hassell 8638 2002 2010 CHI;MIN;DAL;NJN G
8%
1103 Trey Burke 9225 2014 2022 UTA;WAS;NYK;DAL;PHI G
8%
1728 Ty Jerome 4134 2020 2025 PHO;OKC;GSW;CLE G
8%
1509 Tyler Hansbrough 5741 2010 2016 IND;TOR;CHO F
8%
1626 Walker Kessler 4827 2023 2026 UTA C
8%
404 Wayman Tisdale 21378 1986 1997 IND;SAC;PHO F-C
8%
402 Wayne Embry 21454 1959 1969 CIN;BOS;MIL C-F
8%
1229 Willie Cauley-Stein 8069 2016 2022 SAC;DAL;GSW;PHI F-C
8%
985 Will Perdue 10470 1989 2001 CHI;SAS;POR C
8%
502 Zaza Pachulia 18614 2004 2019 ORL;MIL;ATL;DAL;GSW;DET C
8%
1171 Adonal Foyle 8605 1998 2009 GSW;ORL;MEM C
4%
1846 Al Cervi 3619 1950 1953 SYR G-F
4%
1480 Allen Crabbe 5953 2014 2020 POR;BRK;ATL;MIN G-F
4%
1547 Alonzo Gee 5479 2010 2017 WAS;CLE;SAS;DEN;POR;NOP G
4%
1501 Al Thornton 5803 2008 2011 LAC;WAS;GSW F
4%
559 Alton Lister 17390 1982 1998 MIL;SEA;GSW;BOS;POR C-F
4%
1974 Andrew Nicholson 2978 2013 2017 ORL;BRK;WAS F
4%
674 Andrew Toney 15015 1981 1988 PHI G
4%
1141 Andris Biedrins 8908 2005 2014 GSW;UTA C
4%
557 Andy Phillip 17414 1948 1958 CHS;PHW;FTW;BOS G-F
4%
632 Anthony Peeler 15843 1993 2005 LAL;VAN;MIN;SAC;WAS G
4%
1156 Anthony Tolliver 8725 2009 2021 SAS;GSW;POR;MIN;ATL;CHA;DET;PHO;SAC;MEM;PHI F-C
4%
735 Arron Afflalo 13998 2008 2018 DET;DEN;ORL;POR;NYK;SAC G-F
4%
1065 Austin Croshere 9687 1998 2009 IND;DAL;GSW;MIL;SAS F
4%
1239 Ben McLemore 7956 2014 2022 SAC;MEM;HOU;LAL;POR G
4%
1733 Bill Garnett 4124 1983 1986 DAL;IND F
4%
620 Bimbo Coles 16118 1991 2004 MIA;GSW;ATL;CLE;BOS G
4%
1095 Bison Dele 9267 1992 1999 ORL;DEN;LAC;CHI;DET F-C
4%
1927 Bobby Hurley 3202 1994 1998 SAC;VAN G
4%
768 Bobby Wanzer 13571 1949 1957 ROC G
4%
908 Bob Ferry 11545 1960 1969 STL;DET;BAL C-F
4%
917 Bob Gross 11419 1976 1983 POR;SDC F-G
4%
814 Brandon Bass 12918 2006 2017 NOK;DAL;ORL;BOS;LAL;LAC F
4%
1757 Brian Scalabrine 3980 2002 2012 NJN;BOS;CHI F
4%
452 Brian Winters 19762 1975 1983 LAL;MIL G-F
4%
927 Bryant Stith 11341 1993 2002 DEN;BOS;CLE G
4%
1454 Bryn Forbes 6103 2017 2023 SAS;MIL;DEN;MIN G
4%
1894 Bud Olsen 3379 1963 1970 CIN;SFW;SEA;BOS;DET F-C
4%
1784 Bud Stallworth 3870 1973 1977 SEA;NOJ F-G
4%
794 Butch Beard 13199 1970 1979 ATL;CLE;SEA;GSW;NYK G
4%
1137 Cameron Payne 8952 2016 2025 OKC;CHI;CLE;PHO;MIL;PHI;NYK G
4%
1045 Carl Landry 9829 2008 2016 HOU;SAC;NOH;GSW;PHI F
4%
1146 Carlos Arroyo 8834 2002 2011 DEN;TOR;UTA;DET;ORL;MIA;BOS G
4%
1216 Cedi Osman 8183 2018 2024 CLE;SAS F
4%
669 Channing Frye 15125 2006 2019 NYK;POR;PHO;ORL;CLE;LAL C-F
4%
1414 Charles Dudley 6297 1973 1979 SEA;GSW;CHI G
4%
894 Charlie Villanueva 11667 2006 2016 TOR;MIL;DET;DAL F
4%
1625 Cherokee Parks 4833 1996 2004 DAL;MIN;VAN;LAC;WAS;SAS;GSW C-F
4%
1534 Chico Vaughn 5586 1963 1970 STL;DET G
4%
913 Chris Dudley 11484 1988 2003 CLE;NJN;POR;NYK;PHO C
4%
383 Clarence Weatherspoon 21882 1993 2005 PHI;GSW;MIA;CLE;NYK;HOU F
4%
625 Clem Haskins 16031 1968 1976 CHI;PHO;WSB G
4%
1969 Cole Aldrich 3008 2011 2018 OKC;HOU;SAC;NYK;LAC;MIN C
4%
1251 Cornell Warner 7844 1971 1977 BUF;CLE;MIL;LAL F-C
4%
524 Craig Ehlo 18136 1984 1997 HOU;CLE;ATL;SEA G-F
4%
841 Curtis Perry 12425 1971 1978 SDR;HOU;MIL;PHO F
4%
567 Dana Barros 17189 1990 2004 SEA;PHI;BOS;DET G
4%
833 Danny Ferry 12577 1991 2003 CLE;SAS F
4%
1263 Danny Fortson 7743 1998 2007 DEN;BOS;GSW;DAL;SEA F
4%
308 Danny Manning 23923 1989 2003 LAC;ATL;PHO;MIL;UTA;DAL;DET F-C
4%
984 Dario Saric 10480 2017 2026 PHI;MIN;PHO;OKC;GSW;DEN;SAC F-C
4%
1691 Darius Bazley 4344 2020 2024 OKC;PHO;PHI;UTA F
4%
1341 Darius Songaila 6917 2004 2011 SAC;CHI;WAS;NOH;PHI F
4%
699 Darnell Valentine 14607 1982 1991 POR;LAC;CLE G
4%
449 Dave Greenwood 19890 1980 1991 CHI;SAS;DEN;DET F-C
4%
1077 Dave Stallworth 9540 1966 1975 NYK;BAL;CAP F-C
4%
1306 David Benoit 7215 1992 2001 UTA;NJN;ORL F
4%
1062 David Wingate 9706 1987 2001 PHI;SAS;WSB;CHH;SEA;NYK G-F
4%
1648 Dean Garrett 4664 1997 2002 MIN;DEN;GSW C
4%
1386 DeJuan Blair 6539 2010 2016 SAS;DAL;WAS F-C
4%
975 Deni Avdija 10638 2021 2026 WAS;POR G-F
4%
1449 Dennis Hopson 6143 1988 1992 NJN;CHI;SAC G-F
4%
1803 Denzel Valentine 3792 2017 2022 CHI;CLE;UTA G
4%
1246 Dewayne Dedmon 7872 2014 2023 GSW;ORL;PHI;SAS;ATL;SAC;MIA C
4%
252 Dick Barnett 25935 1960 1974 SYR;LAL;NYK G-F
4%
1897 Dickey Simpkins 3374 1995 2002 CHI;GSW;ATL F
4%
1381 Dick Garrett 6573 1970 1974 LAL;BUF;MIL;NYK G
4%
501 Dick McGuire 18620 1950 1960 NYK;DET G
4%
1339 Dino Radja 6926 1994 1997 BOS F-C
4%
1909 Dominic McGuire 3298 2008 2013 WAS;SAC;CHA;GSW;IND;NOH;TOR F
4%
1451 Donald Royal 6138 1990 1998 MIN;SAS;ORL;CHH;GSW F
4%
1958 Donald Sloan 3052 2012 2016 ATL;CLE;NOH;IND;BRK G
4%
759 Don Buse 13700 1973 1985 IND;PHO;POR;KCK G
4%
723 Don Chaney 14218 1969 1980 BOS;LAL G
4%
1516 Don MacLean 5677 1993 2001 WSB;DEN;PHI;NJN;SEA;PHO;MIA F
4%
465 Don Ohl 19414 1961 1970 DET;BAL;STL;ATL G
4%
520 Drew Gooden 18248 2003 2016 MEM;ORL;CLE;CHI;SAC;SAS;DAL;LAC;MIL;WAS F
4%
1073 Ed Conlin 9589 1956 1962 SYR;DET;PHW F-G
4%
1938 Ed Manning 3147 1968 1976 BAL;CHI;POR F
4%
1657 Ed Sadowski 4591 1947 1950 CLR;TRH;BOS;PHW;BLB C
4%
1276 Eduardo Najera 7533 2001 2012 DAL;DEN;GSW;NJN;CHA F
4%
1188 Elliot Perry 8358 1992 2002 CHH;LAC;PHO;MIL;NJN;ORL;MEM G
4%
1895 Eric Maynor 3378 2010 2014 OKC;UTA;POR;PHI;WAS G
4%
1051 Eric Piatkowski 9793 1995 2008 LAC;HOU;CHI;PHO G-F
4%
604 Ersan Ilyasova 16527 2007 2021 MIL;DET;ORL;ATL;OKC;PHI;UTA F
4%
1308 Erwin Mueller 7197 1967 1974 CHI;LAL;SEA;DET C-F
4%
1876 Fabricio Oberto 3490 2006 2011 SAS;WAS;POR C-F
4%
686 Frank Brickowski 14874 1985 1997 SEA;LAL;SAS;MIL;CHH;BOS F-C
4%
1106 Frankie Brian 9199 1950 1956 AND;TRI;FTW G
4%
616 Frank Ramsey 16183 1955 1964 BOS F-G
4%
1372 Fred Foster 6675 1969 1977 CIN;PHI;DET;CLE;BUF F
4%
1047 Garrett Temple 9821 2010 2026 HOU;SAC;SAS;CHA;MIL;WAS;LAC;MEM;BRK;CHI;NOP;TOR G
4%
1889 Garrison Mathews 3405 2020 2026 WAS;HOU;ATL;IND G
4%
1494 Gary Gregor 5879 1969 1974 PHO;ATL;POR;MIL F-C
4%
1643 Gary Phillips 4727 1962 1966 BOS;SFW G
4%
652 Geoff Petrie 15397 1971 1976 POR G
4%
430 George McGinnis 20506 1972 1982 PHI;DEN;IND F-C
4%
1621 Goga Bitadze 4868 2020 2026 IND;ORL C
4%
1517 Greg Foster 5671 1991 2003 WSB;ATL;MIL;CHI;MIN;UTA;SEA;LAL;TOR F-C
4%
1843 Greg Minor 3631 1995 1999 BOS G-F
4%
1949 Gus Gerard 3102 1975 1981 BUF;DEN;DET;KCK;SAS F-G
4%
1195 Hakim Warrick 8278 2006 2013 MEM;CHI;MIL;PHO;CHA;NOH F
4%
1999 Harold Miner 2875 1993 1996 MIA;CLE G
4%
1506 Harold Pressley 5760 1987 1990 SAC F-G
4%
1371 Haywoode Workman 6680 1990 2000 ATL;WSB;IND;MIL;TOR G
4%
953 Jack Nichols 10954 1949 1958 WSC;TRI;MLH;BOS C-F
4%
1109 Jacque Vaughn 9188 1998 2009 UTA;ATL;ORL;NJN;SAS G
4%
1563 Jae'Sean Tate 5338 2021 2026 HOU F
4%
901 Jamaal Magloire 11598 2001 2012 CHH;NOH;MIL;POR;DAL;NJN;MIA;TOR C
4%
692 Jamaal Tinsley 14720 2002 2014 IND;MEM;UTA G
4%
1015 James Bailey 10159 1980 1988 SEA;NJN;HOU;NYK;PHO F-C
4%
1382 Jannero Pargo 6567 2003 2015 LAL;CHI;TOR;NOK;NOH;ATL;CHA;WAS;CHO G
4%
769 Jared Dudley 13557 2008 2021 CHA;PHO;LAC;MIL;WAS;BRK;LAL F-G
4%
1503 Jarred Vanderbilt 5791 2019 2026 DEN;MIN;LAL;UTA F
4%
1552 Jason Kapono 5413 2004 2012 CLE;CHA;MIA;TOR;PHI;LAL F
4%
1266 Jason Maxiell 7681 2006 2015 DET;ORL;CHO F-C
4%
885 Jeff Foster 11843 2000 2012 IND F-C
4%
849 Jeff Ruland 12298 1982 1993 WSB;PHI;DET C-F
4%
385 Jerry Sloan 21823 1966 1976 BAL;CHI G-F
4%
626 Jim Barnett 15973 1967 1977 BOS;SDR;POR;GSW;NOJ;NYK;PHI G-F
4%
1834 Jim Les 3657 1989 1995 UTA;LAC;SAC;ATL G
4%
1977 Jim Palmer 2965 1959 1961 CIN;NYK F-C
4%
808 Jim Pollard 12985 1949 1955 MNL F-C
4%
796 Joe Caldwell 13177 1965 1975 DET;STL;ATL F-G
4%
481 Joe Graboski 19089 1949 1962 CHS;INO;PHW;CHP;STL;SYR F-C
4%
1467 Joe Wolf 6036 1988 1999 LAC;DEN;BOS;POR;CHH;ORL;MIL F-C
4%
803 John Block 13086 1967 1976 LAL;SDR;MIL;KCO;PHI;CHI;NOJ F-C
4%
1721 John Lambert 4166 1976 1982 CLE;KCK;SAS C-F
4%
1823 Johnny High 3691 1980 1984 PHO G
4%
1392 Johnny McCarthy 6482 1957 1964 ROC;CIN;STL;BOS G
4%
428 Johnny Newman 20619 1987 2002 CLE;NYK;CHH;NJN;MIL;DEN;DAL F-G
4%
1187 Jonas Jerebko 8360 2010 2019 DET;BOS;UTA;GSW F
4%
1602 Jonathan Isaac 4995 2018 2026 ORL F
4%
961 Jon Koncak 10858 1986 1996 ATL;ORL C-F
4%
1135 Jordan Farmar 8967 2007 2017 LAL;NJN;LAC;MEM;SAC G
4%
1928 Josh Boone 3190 2007 2010 NJN F-C
4%
1390 Josh McRoberts 6506 2008 2018 POR;IND;LAL;CHA;ORL;MIA;DAL F-C
4%
1869 Juancho Hernangomez 3520 2017 2023 DEN;MIN;BOS;SAS;UTA;TOR F
4%
1376 Juan Dixon 6627 2003 2009 WAS;POR;TOR;DET G
4%
1545 Jud Buechler 5511 1991 2002 NJN;GSW;SAS;CHI;DET;ORL;PHO F-G
4%
1318 Justise Winslow 7111 2016 2023 MIA;MEM;LAC;POR F
4%
593 Keith Erickson 16654 1966 1977 SFW;CHI;LAL;PHO F-G
4%
1504 Ken Charles 5774 1974 1978 BUF;ATL G
4%
1734 Kendrick Nunn 4123 2020 2023 MIA;LAL;WAS G
4%
930 Kenneth Faried 11313 2012 2019 DEN;BRK;HOU F-C
4%
1762 Kevin Knox 3957 2019 2025 NYK;ATL;DET;POR;GSW F
4%
1008 Keyon Dooling 10249 2001 2013 LAC;MIA;ORL;NJN;MIL;BOS;MEM G
4%
1835 Khem Birch 3651 2018 2023 ORL;TOR C-F
4%
1119 Kosta Koufos 9104 2009 2019 UTA;DEN;MIN;MEM;SAC C
4%
484 Larry Costello 18956 1955 1968 PHW;SYR;PHI G
4%
583 Larry Kenon 16855 1974 1983 SAS;CHI;CLE;GSW F
4%
1631 Larry McNeill 4798 1974 1979 KCO;KCK;GSW;NYN;BUF;DET F-C
4%
590 Leandro Barbosa 16678 2004 2017 PHO;TOR;IND;BOS;GSW G
4%
1681 Lee Nailon 4448 2001 2006 CHH;NYK;ATL;CLE;ORL;NOH;PHI F
4%
1422 Len Elmore 6263 1975 1984 IND;KCK;MIL;NJN;NYK C-F
4%
1211 Leon Douglas 8205 1977 1983 DET;KCK C-F
4%
503 Lionel Hollins 18598 1976 1985 POR;PHI;SDC;DET;HOU G
4%
1005 Louis Orr 10259 1981 1988 IND;NYK F
4%
731 Loy Vaught 14080 1991 2001 LAC;DET;DAL;WAS F
4%
1918 Luke Babbitt 3259 2011 2018 POR;NOP;MIA;ATL F
4%
514 Luke Ridnour 18416 2004 2015 SEA;MIL;MIN;CHA;ORL G
4%
1482 Marc Iavaroni 5949 1983 1989 PHI;SAS;UTA F
4%
1596 Marcus Fizer 5041 2001 2006 CHI;MIL;NOK F
4%
1847 Marcus Liberty 3617 1991 1994 DEN;DET F
4%
1131 Marcus Thornton 9001 2010 2017 NOH;SAC;BRK;BOS;PHO;HOU;WAS G
4%
1669 Mario Hezonja 4525 2016 2020 ORL;NYK;POR F-G
4%
1961 Marty Byrnes 3044 1979 1983 NOJ;PHO;LAL;DAL;IND F
4%
1703 Matisse Thybulle 4239 2020 2026 PHI;POR G
4%
1632 Matt Carroll 4792 2004 2013 POR;SAS;CHA;DAL G
4%
1024 Matt Geiger 10070 1993 2002 MIA;CHH;PHI C
4%
725 Matt Harpring 14195 1999 2009 ORL;CLE;PHI;UTA F
4%
1274 Matthew Dellavedova 7575 2014 2023 CLE;MIL;SAC G
4%
1599 Matt Maloney 5027 1997 2003 HOU;CHI;ATL G
4%
1111 Maurice Harkless 9170 2013 2022 ORL;POR;LAC;NYK;MIA;SAC F-G
4%
1136 Maurice Stokes 8962 1956 1958 ROC;CIN F-C
4%
855 Max Zaslofsky 12262 1947 1956 CHS;NYK;BLB;FTW;MLH G-F
4%
1033 McCoy McLemore 9938 1965 1972 SFW;CHI;DET;PHO;CLE;MIL;HOU F-C
4%
676 Mel Counts 15002 1965 1976 BOS;BAL;LAL;PHO;PHI;NOJ C-F
4%
396 Michael Cage 21507 1985 2000 LAC;SEA;CLE;PHI;NJN F-C
4%
1242 Michael Kidd-Gilchrist 7902 2013 2020 CHA;CHO;DAL F
4%
1447 Mike Farmer 6146 1959 1966 NYK;CIN;STL F
4%
372 Mike Gminski 22058 1981 1994 NJN;PHI;CHH;MIL C
4%
339 Mike Newlin 23122 1972 1982 HOU;NJN;NYK G-F
4%
1661 Mirza Teletovic 4574 2013 2018 BRK;PHO;MIL F
4%
1523 Mo Bamba 5654 2019 2026 ORL;LAL;PHI;LAC;NOP;TOR C
4%
797 Nazr Mohammed 13152 1999 2016 PHI;ATL;NYK;SAS;DET;CHA;OKC;CHI C
4%
319 Nene 23678 2003 2019 DEN;WAS;HOU F-C
4%
1168 Nerlens Noel 8609 2015 2023 PHI;DAL;OKC;NYK;BRK;DET C-F
4%
1221 Nick Weatherspoon 8152 1974 1980 CAP;WSB;SEA;CHI;SDC F
4%
1254 Nikola Mirotic 7815 2015 2019 CHI;NOP;MIL F
4%
1490 Nikola Pekovic 5901 2011 2016 MIN C
4%
1688 Noah Vonleh 4363 2015 2023 CHO;POR;CHI;NYK;DEN;MIN;BRK;BOS F-C
4%
1941 Ochai Agbaji 3139 2023 2026 UTA;TOR G
4%
758 O.J. Mayo 13704 2009 2016 MEM;DAL;MIL G
4%
1296 Omer Asık 7353 2011 2018 CHI;HOU;NOP C
4%
1019 Pervis Ellison 10143 1990 2001 SAC;WSB;BOS;SEA F-C
4%
887 Quintin Dailey 11804 1983 1992 CHI;LAC;SEA G
4%
868 Raef LaFrentz 12133 1999 2008 DEN;DAL;BOS;POR F-C
4%
1855 Ralph Beard 3573 1950 1951 INO G
4%
644 Ramon Sessions 15512 2008 2018 MIL;MIN;CLE;LAL;CHA;SAC;WAS;CHO;NYK G
4%
859 Red Rocha 12202 1948 1957 STB;BLB;SYR;FTW C-F
4%
1180 Richaun Holmes 8423 2016 2025 PHI;PHO;SAC;DAL;WAS C-F
4%
371 Ricky Sobers 22065 1976 1986 PHO;IND;CHI;WSB;SEA G
4%
863 Robert Pack 12152 1992 2004 POR;DEN;WSB;DAL;NJN;MIN;NOH G
4%
1959 Rod Foster 3051 1984 1986 PHO G
4%
379 Rodney McCray 21931 1984 1993 HOU;SAC;DAL;CHI F-G
4%
628 Rodney Stuckey 15935 2008 2017 DET;IND G
4%
1118 Rod Thorn 9119 1964 1971 BAL;DET;STL;SEA G
4%
1079 Ron Boone 9494 1969 1981 KCK;LAL;UTA G-F
4%
1055 Ron Mercer 9777 1998 2005 BOS;DEN;ORL;CHI;IND;SAS;NJN G-F
4%
1655 Ronnie Lester 4594 1981 1986 CHI;LAL G
4%
1420 Ronny Turiaf 6266 2006 2015 LAL;GSW;NYK;MIA;WAS;LAC;MIN F
4%
1181 Roy Tarpley 8416 1987 1995 DAL C-F
4%
306 Rudy LaRusso 24066 1960 1969 MNL;LAL;SFW F-C
4%
1782 Ryan Hollins 3878 2007 2016 CHA;DAL;MIN;CLE;BOS;LAC;SAC;MEM;WAS C
4%
164 Sam Lacey 30606 1971 1983 CIN;KCO;KCK;NJN;CLE C
4%
1459 Scot Pollard 6085 1998 2008 DET;SAC;IND;CLE;BOS C
4%
1761 Scott Hastings 3967 1983 1993 ATL;NYK;MIA;DET;DEN F-C
4%
1817 Shabazz Muhammad 3713 2014 2018 MIN;MIL F-G
4%
431 Sherman Douglas 20493 1990 2001 MIA;BOS;MIL;NJN;LAC G
4%
856 Slick Watts 12260 1974 1979 SEA;NOJ;HOU G
4%
755 Spencer Hawes 13718 2008 2017 SAC;PHI;CLE;LAC;CHO;MIL C-F
4%
600 Stacey Augmon 16532 1992 2006 ATL;DET;POR;CHH;NOH;ORL F-G
4%
1478 Stan McKenzie 5956 1968 1974 BAL;PHO;POR;HOU F-G
4%
639 Steve Blake 15665 2004 2016 WAS;POR;DEN;MIL;LAC;LAL;GSW;DET G
4%
733 Steve Hawes 14032 1975 1984 HOU;POR;ATL;SEA C-F
4%
547 Steve Mix 17599 1970 1983 DET;PHI;LAL;MIL F
4%
1756 Tari Eason 3995 2023 2026 HOU F
4%
914 Terry Catledge 11454 1986 1993 PHI;WSB;ORL F
4%
1450 Terry Dehere 6141 1994 1999 LAC;SAC;VAN G
4%
368 Thurl Bailey 22288 1984 1999 UTA;MIN F-C
4%
1361 Tiago Splitter 6788 2011 2017 SAS;ATL;PHI F-C
4%
1348 Timofey Mozgov 6858 2011 2018 DEN;NYK;CLE;LAL;BRK C
4%
1336 Tim Perry 6947 1989 1996 PHO;PHI;NJN F-C
4%
1942 Todd MacCulloch 3137 2000 2003 PHI;NJN C
4%
429 Tom Gola 20593 1956 1966 PHW;NYK;SFW G-F
4%
393 Tom Gugliotta 21585 1993 2005 WSB;GSW;MIN;PHO;UTA;ATL;BOS F
4%
1448 Toney Douglas 6145 2010 2017 NYK;HOU;SAC;GSW;MIA;NOP;MEM G
4%
1071 Tony Delk 9632 1997 2006 CHH;GSW;SAC;PHO;BOS;DAL;ATL;DET G
4%
1967 Tony Wroten 3023 2013 2016 MEM;PHI G
4%
1369 Torrey Craig 6704 2018 2025 DEN;MIL;PHO;IND;CHI;BOS G-F
4%
1052 Trey Lyles 9792 2016 2025 UTA;DEN;SAS;DET;SAC F
4%
1078 Tyronn Lue 9513 1999 2009 LAL;WAS;ORL;ATL;HOU;DAL;MIL G
4%
1698 Tyus Edney 4265 1996 2001 SAC;BOS;IND G
4%
414 Vern Mikkelsen 21063 1950 1959 MNL F-C
4%
1290 Vincent Askew 7391 1988 1998 PHI;GSW;SAC;SEA;DEN;IND;NJN;POR G-F
4%
1620 Walter Berry 4871 1987 1989 POR;SAS;HOU;NJN F
4%
1344 Walter McCarty 6891 1997 2006 NYK;BOS;PHO;LAC F
4%
1330 Wilbur Holland 7025 1976 1979 ATL;CHI G
4%
1544 Willy Hernangomez 5517 2017 2023 NYK;CHO;NOP C
4%
1815 Xavier Tillman Sr. 3725 2021 2026 MEM;BOS F
4%
1767 Yogi Ferrell 3942 2017 2021 BRK;DAL;SAC;CLE;LAC G
4%
498 Zelmo Beaty 18771 1963 1975 STL;ATL;LAL C
4%
1288 Adam Keefe 7404 1993 2001 ATL;UTA;GSW F
0%
688 Al Attles 14808 1961 1971 PHW;SFW G
0%
950 Al Bianchi 11041 1957 1966 SYR;PHI G
0%
1988 Al Eberhard 2914 1975 1978 DET F
0%
1987 Aleksej Pokusevski 2915 2021 2024 OKC;CHO F
0%
1660 Alex Groza 4574 1950 1951 INO C
0%
1297 Alex Hannum 7323 1950 1957 SYR;BLB;ROC;MLH;STL;FTW F-C
0%
1913 Alexis Ajinca 3284 2009 2017 CHA;DAL;TOR;NOP C-F
0%
1513 Al Ferrari 5726 1956 1963 STL;CHZ G-F
0%
826 Allan Bristow 12691 1974 1983 PHI;SAS;UTA;DAL F-G
0%
602 Allen Leavell 16529 1980 1989 HOU G
0%
1765 Al Skinner 3947 1975 1980 NYN;DET;NJN;PHI G
0%
1801 Amir Coffey 3805 2020 2026 LAC;MIL G
0%
897 Andray Blatche 11626 2006 2014 WAS;BRK F
0%
1037 Andres Nocioni 9902 2005 2012 CHI;SAC;PHI F
0%
1362 Andrew DeClercq 6776 1996 2005 GSW;BOS;CLE;ORL F-C
0%
1670 Anthony Avent 4525 1993 2000 MIL;ORL;VAN;UTA;LAC F
0%
1562 Anthony Bonner 5339 1991 1996 SAC;NYK;ORL F
0%
1827 Anthony Goldwire 3676 1996 2006 CHH;DEN;SAS;WAS;MIN;NJN;DET;MIL;LAC G
0%
1991 Ariel Maughan 2896 1947 1951 DTF;PRO;STB;WSC F
0%
1793 Art Spoelstra 3841 1955 1958 ROC;MNL;NYK C
0%
1579 Barney Cable 5199 1959 1964 DET;SYR;CHP;STL;CHZ;BAL F
0%
1044 Barry Clemens 9841 1966 1976 NYK;CHI;SEA;CLE;POR F
0%
1624 Belus Smawley 4836 1947 1952 STB;BLB;SYR G-F
0%
1426 Bennedict Mathurin 6249 2023 2026 IND G-F
0%
648 Beno Udrih 15463 2005 2017 SAS;SAC;MIL;ORL;MEM;NYK;MIA;DET G
0%
900 Ben Poquette 11606 1978 1987 DET;UTA;CLE;CHI F-C
0%
1805 Ben Warley 3775 1963 1970 SYR;PHI;BAL F-G
0%
1332 Bill Calhoun 7013 1949 1955 ROC;BLB;MLH;SYR F-G
0%
1944 Bill Closs 3131 1950 1952 AND;PHW;FTW F-C
0%
1582 Bill Gabor 5169 1950 1955 SYR G-F
0%
770 Bill Hanzlik 13554 1981 1990 SEA;DEN G-F
0%
1571 Bill Hewitt 5265 1969 1975 LAL;DET;BUF;CHI F
0%
973 Bill Robinzine 10676 1976 1982 KCK;CLE;DAL;UTA F
0%
1794 Bill Tosheff 3838 1952 1954 INO;MLH G
0%
1398 Bill Willoughby 6441 1976 1984 ATL;BUF;CLE;HOU;NJN;SAS F-C
0%
1533 Billy Kenville 5590 1954 1960 SYR;FTW;DET G-F
0%
1173 Billy McKinney 8518 1979 1986 KCK;DEN;UTA;SDC;CHI G
0%
788 Billy Paultz 13243 1971 1985 SAS;HOU;ATL;UTA C-F
0%
1844 Billy Ray Bates 3620 1980 1983 POR;LAL;WSB G
0%
994 Blair Rasmussen 10365 1986 1993 DEN;ATL C
0%
1792 Boban Marjanovic 3845 2016 2024 SAS;DET;LAC;PHI;DAL;HOU C
0%
1436 Bob Brannum 6220 1950 1955 SHE;BOS F-C
0%
1671 Bob Donham 4524 1951 1954 BOS G-F
0%
1766 Bob Feerick 3943 1947 1950 WSC F-G
0%
1199 Bob Hansen 8260 1984 1992 UTA;SAC;CHI G
0%
1686 Bob Hopkins 4383 1957 1960 SYR C-F
0%
1536 Bob Houbregs 5572 1954 1958 BLB;MLH;BOS;FTW;DET C-F
0%
825 Bob Kauffman 12692 1969 1975 SEA;CHI;BUF;ATL F-C
0%
1611 Bob Lavoy 4908 1951 1954 INO;MLH;SYR F-C
0%
907 Bob Rule 11550 1968 1975 SEA;PHI;CLE;MIL C-F
0%
751 Bob Sura 13770 1996 2005 CLE;GSW;ATL;DET;HOU G
0%
710 Bob Weiss 14428 1966 1977 PHI;SEA;CHI;MIL;BUF;WSB G
0%
824 Bob Wilkerson 12706 1977 1983 SEA;DEN;CHI;CLE G-F
0%
1647 Bones McKinney 4671 1947 1952 WSC;BOS F-C
0%
701 Bo Outlaw 14582 1994 2008 LAC;ORL;PHO;MEM F
0%
1739 Bostjan Nachbar 4096 2003 2008 HOU;NOH;NJN;NOK F
0%
1227 Brad Lohaus 8104 1988 1998 BOS;SAC;MIL;MIN;MIA;NYK;SAS;TOR F-C
0%
1591 Brad Sellers 5078 1987 1993 CHI;MIN;SEA;DET C-F
0%
1442 Brandon Rush 6176 2009 2017 IND;GSW;UTA;MIN G-F
0%
1667 Brian Cardinal 4531 2001 2012 DET;WAS;GSW;MEM;MIN;DAL F
0%
1309 Brian Skinner 7190 1999 2012 LAC;CLE;PHI;MIL;SAC;POR;PHO;MEM F
0%
1659 Bruce Seals 4582 1974 1978 SEA F
0%
905 Bucky Bockhorn 11553 1959 1965 CIN G
0%
1730 Cal Christensen 4133 1951 1955 TRI;MLH;ROC F-C
0%
1957 Calvin Booth 3055 2000 2009 WAS;DAL;SEA;MIL;PHI;MIN;SAC C
0%
480 Calvin Natt 19098 1980 1990 NJN;POR;DEN;SAS;IND F
0%
1781 Cam Reddish 3878 2020 2025 ATL;NYK;POR;LAL F
0%
1553 Carl Herrera 5411 1992 1999 HOU;SAS;DEN;VAN F
0%
1162 Carlos Delfino 8662 2005 2013 DET;TOR;MIL;HOU G
0%
1826 Charles Shackleford 3680 1989 1999 NJN;PHI;MIN;CHH C-F
0%
1408 Charlie Tyra 6351 1958 1962 NYK;CHP C-F
0%
1519 Chase Budinger 5662 2010 2016 HOU;MIN;IND;PHO F
0%
1683 Chick Halbert 4429 1947 1951 CHS;PHW;BOS;PRO;WSC;BLB C
0%
1954 Chimezie Metu 3061 2019 2024 SAS;SAC;DET;PHO F-C
0%
1345 Chris Boucher 6877 2018 2026 GSW;TOR;BOS F
0%
909 Chris Duhon 11542 2005 2013 CHI;NYK;ORL;LAL G
0%
807 Chris Gatling 12989 1992 2002 GSW;MIA;DAL;NJN;MIL;DEN;ORL;CLE F-C
0%
1375 Chris Mihm 6628 2001 2009 CLE;BOS;LAL C-F
0%
1206 Chris Whitney 8226 1994 2004 SAS;WSB;WAS;DEN;ORL G
0%
1063 Chris Wilcox 9706 2003 2013 LAC;SEA;NYK;OKC;DET;BOS F
0%
1282 Chuck Noble 7460 1956 1962 FTW;DET G
0%
842 Chuck Share 12385 1952 1960 FTW;MLH;STL;MNL C
0%
1561 Cliff Meely 5351 1972 1976 HOU;LAL F-C
0%
1249 Coby Dietrick 7855 1971 1983 SAS;CHI C-F
0%
719 Connie Dierking 14285 1959 1971 SYR;PHI;SFW;CIN C-F
0%
1363 Corie Blount 6769 1994 2004 CHI;LAL;CLE;PHO;GSW;PHI;TOR F
0%
1380 Corky Calhoun 6598 1973 1980 PHO;LAL;POR;IND F
0%
1965 Corky Devlin 3029 1956 1958 FTW;MNL G
0%
729 Curtis Rowe 14094 1972 1979 DET;BOS F
0%
1971 Dalano Banton 2995 2022 2025 TOR;BOS;POR G-F
0%
1200 Dale Schlueter 8259 1969 1978 SFW;POR;PHI;ATL;BUF;PHO C
0%
1994 Damyean Dotson 2885 2018 2022 NYK;CLE G
0%
1796 Dan Dickau 3829 2003 2008 ATL;POR;DAL;NOH;BOS;LAC G
0%
1479 Dan Gadzuric 5956 2003 2012 MIL;GSW;NJN;NYK C
0%
1384 Danny Vranes 6550 1982 1988 SEA;PHI F
0%
1477 Darnell Hillman 5957 1972 1980 IND;DEN;NJN;KCK;GSW F-C
0%
638 Darrall Imhoff 15666 1961 1972 NYK;DET;LAL;PHI;CIN;POR C
0%
1607 Darren Daye 4950 1984 1988 WSB;BOS;CHI F-G
0%
1630 Dave Budd 4802 1961 1965 NYK F
0%
527 Dave Corzine 18010 1979 1991 WSB;SAS;CHI;ORL;SEA C
0%
738 Dave Gambee 13967 1959 1970 STL;CIN;SYR;PHI;SDR;DET;MIL;SFW F
0%
1322 Dave Meyers 7104 1976 1980 MIL F-C
0%
1491 Dave Piontek 5895 1957 1963 ROC;CIN;STL;CHP F-C
0%
1108 Dave Robisch 9196 1972 1984 IND;LAL;CLE;DEN;KCK;SAS C-F
0%
1911 Dave Sorenson 3291 1971 1973 CLE;PHI F
0%
1474 Dave Twardzik 5988 1973 1980 POR G
0%
1445 Dave Wohl 6154 1972 1978 PHI;BUF;POR;HOU;NYN;NJN G
0%
1916 David Nwaba 3263 2017 2022 LAL;CHI;CLE;BRK;HOU G
0%
1718 DeAndre' Bembry 4177 2017 2022 ATL;TOR;BRK;MIL F
0%
1397 Dean Meminger 6441 1972 1977 NYK;ATL G
0%
962 Dennis Awtrey 10856 1971 1982 PHI;CHI;PHO;BOS;SEA;POR C
0%
1407 Derek Strong 6353 1992 2001 WSB;MIL;BOS;LAL;ORL;LAC F
0%
1639 Derrek Dickey 4757 1974 1978 GSW;CHI F
0%
1976 Dick Farley 2969 1955 1959 SYR;DET G-F
0%
1023 Dick Garmaker 10089 1956 1961 MNL;NYK G-F
0%
1853 Dick Mehen 3580 1950 1952 WAT;BLB;BOS;FTW;MLH F-C
0%
1704 Dick Ricketts 4234 1956 1958 ROC;STL;CIN F-C
0%
1521 Dick Schnittker 5659 1951 1958 WSC;MNL F
0%
420 Dick Snyder 20877 1967 1979 STL;PHO;SEA;CLE G-F
0%
1559 Dike Eddleman 5366 1950 1953 TRI;FTW;MLH F-G
0%
1672 Dion Glover 4512 2000 2005 ATL;TOR;SAS G
0%
1057 Dion Waiters 9756 2013 2020 CLE;OKC;MIA;LAL G
0%
1872 Dirk Minniefield 3514 1986 1988 CLE;HOU;BOS;GSW G
0%
455 D.J. Augustin 19743 2009 2022 CHA;IND;CHI;TOR;DET;OKC;DEN;ORL;HOU;MIL;LAL G
0%
1840 Donatas Motiejunas 3638 2013 2019 HOU;NOP;SAS F-C
0%
1423 Don Barksdale 6261 1952 1955 BLB;BOS F-C
0%
1940 Don Boven 3145 1950 1953 WAT;MLH;BLB;FTW F-G
0%
569 Don Kojis 17149 1964 1975 BAL;DET;CHI;SDR;SEA;KCO F
0%
1825 Donnie Butcher 3687 1962 1966 NYK;DET G
0%
1768 Don Otten 3933 1950 1953 TRI;WSC;BLB;FTW;MLH C
0%
1110 Doug McDermott 9181 2015 2026 CHI;OKC;DAL;NYK;IND;SAS;SAC F
0%
1578 Doug Overton 5204 1993 2004 WSB;DEN;PHI;NJN;ORL;BOS;CHH;LAC G
0%
1556 Drew Eubanks 5388 2019 2026 SAS;POR;PHO;LAC;UTA;SAC F
0%
1402 Duane Causwell 6422 1991 2001 SAC;MIA C
0%
1379 Duane Ferrell 6602 1989 1999 ATL;IND;GSW F-G
0%
1096 Earl Cureton 9263 1981 1997 PHI;DET;CHI;LAC;CHH;HOU;TOR F-C
0%
1568 Ed Fleming 5282 1956 1960 ROC;MNL G-F
0%
1880 Ed Kalafat 3464 1955 1957 MNL C-F
0%
1664 Ed Nealy 4561 1983 1993 KCK;SAS;CHI;PHO;GSW F
0%
860 Ed Pinckney 12195 1986 1997 PHO;SAC;BOS;MIL;PHI;TOR;MIA F
0%
1364 Ed Ratleff 6768 1974 1978 HOU F-G
0%
1848 Ekpe Udoh 3611 2011 2019 GSW;MIL;LAC;UTA C-F
0%
1854 Eldridge Recasner 3577 1995 2002 DEN;HOU;ATL;CHH;LAC G
0%
1340 Ennis Whatley 6921 1984 1997 CHI;CLE;SAS;WSB;ATL;LAC;POR G
0%
1769 Eric Leckner 3933 1989 1997 UTA;CHH;SAC;PHI;DET;VAN C-F
0%
990 Eric Money 10411 1975 1980 DET;NJN;PHI G
0%
1586 Eric Montross 5106 1995 2002 BOS;DAL;NJN;DET;PHI;TOR C
0%
846 Eric Murdock 12331 1992 2000 UTA;MIL;VAN;DEN;MIA;NJN;LAC G
0%
1577 Ernie Beck 5214 1954 1961 PHW;STL;SYR G-F
0%
1948 Ernie Calverley 3105 1947 1949 PRO G
0%
1293 Ernie DiGregorio 7380 1974 1978 BUF;BOS;LAL G
0%
943 Ernie Grunfeld 11147 1978 1986 MIL;KCK;NYK G-F
0%
1619 Ernie Vandeweghe 4874 1950 1956 NYK F-G
0%
1662 Francisco Elson 4572 2004 2012 DEN;SAS;SEA;MIL;PHI;UTA C
0%
1333 Frank Kaminsky 7007 2016 2023 CHO;PHO;ATL;HOU F-C
0%
1931 Frank Kudelka 3169 1950 1953 CHS;BOS;WSC;BLB;PHW G-F
0%
1798 Frank Ntilikina 3822 2018 2024 NYK;DAL;CHO G
0%
834 Frank Selvy 12569 1955 1964 BLB;MLH;STL;MNL;NYK;SYR;LAL G-F
0%
1546 Freddie Boyd 5502 1973 1978 PHI;NOJ G
0%
1163 Fred Hetzel 8657 1966 1971 SFW;CIN;MIL;PHI;LAL F-C
0%
1351 Fred Hoiberg 6834 1996 2005 IND;CHI;MIN G
0%
1230 Fred Schaus 8043 1950 1954 FTW;NYK F
0%
999 Fred Scolari 10310 1947 1955 WSC;SYR;BLB;FTW;BOS G
0%
1731 Furkan Korkmaz 4133 2018 2024 PHI G
0%
521 Gar Heard 18217 1971 1981 SEA;CHI;BUF;PHO;SDC F
0%
1732 Gary Brokaw 4127 1975 1978 MIL;CLE;BUF G
0%
886 Gene Banks 11813 1982 1987 SAS;CHI F-G
0%
1973 Gene Tormohlen 2993 1963 1970 STL;ATL C-F
0%
1682 Gene Wiley 4431 1963 1968 LAL C
0%
987 Geoff Huston 10445 1980 1987 NYK;CLE;DAL;GSW;LAC G
0%
1689 George Dempsey 4360 1955 1959 PHW;SYR G
0%
1972 George Kaftan 2993 1949 1953 BOS;NYK;BLB F
0%
782 George Lynch 13353 1994 2005 LAL;VAN;PHI;CHH;NOH F
0%
746 George McCloud 13852 1990 2002 IND;DAL;LAL;PHO;DEN G-F
0%
1325 George Ratkovicz 7080 1950 1955 SYR;BLB;MLH C-F
0%
1244 George Senesky 7882 1947 1954 PHW G
0%
1310 Georges Niang 7188 2017 2025 IND;UTA;PHI;CLE;ATL F
0%
1438 George Trapp 6192 1972 1977 ATL;DET F-C
0%
1393 Glen Gondrezick 6470 1978 1983 NYK;DEN F-G
0%
1406 Gordan Giricek 6354 2003 2008 MEM;ORL;UTA;PHI;PHO G-F
0%
432 Greg Ballard 20490 1978 1989 WSB;GSW;SEA F
0%
1532 Greg Kelser 5596 1980 1985 DET;SEA;SDC;IND F
0%
1500 Greg Kite 5806 1984 1995 BOS;LAC;CHH;SAC;ORL;IND;NYK C
0%
1720 Hamidou Diallo 4171 2019 2024 OKC;DET;WAS G
0%
1481 Hank Finkel 5951 1967 1975 LAL;SDR;BOS C
0%
314 Happy Hairston 23812 1965 1975 CIN;DET;LAL F
0%
463 Harry Gallatin 19503 1949 1958 NYK;DET F-C
0%
1129 Harvey Catchings 9003 1975 1985 PHI;NJN;MIL;LAC C-F
0%
1996 Haywood Highsmith 2881 2019 2025 PHI;MIA F
0%
1159 Hot Rod Hundley 8688 1958 1963 MNL;LAL G
0%
760 Howard Eisley 13664 1995 2006 MIN;SAS;UTA;DAL;NYK;PHO;DEN;LAC G
0%
649 Howard Komives 15448 1965 1974 NYK;DET;BUF;KCO G
0%
1240 Ian Mahinmi 7922 2008 2020 SAS;DAL;IND;WAS C
0%
1830 Ime Udoka 3673 2004 2011 LAL;NYK;POR;SAS;SAC F
0%
1748 Ira Newble 4050 2001 2008 SAS;ATL;CLE;LAL;SEA F
0%
1877 Isaiah Canaan 3477 2014 2019 HOU;PHI;CHI;PHO;MIL;MIN G
0%
1543 Jackie Moreland 5524 1961 1970 DET F-G
0%
1622 Jack Kerris 4857 1950 1953 FTW;TRI;BLB F-C
0%
370 Jack Marin 22076 1967 1977 BAL;HOU;BUF;CHI F-G
0%
979 Jack McMahon 10533 1953 1960 ROC;STL G
0%
1719 Jaime Jaquez Jr. 4176 2024 2026 MIA G-F
0%
1907 Jake Tsakalidis 3318 2001 2007 PHO;MEM;HOU C
0%
1709 Jake Voskuhl 4211 2001 2009 CHI;PHO;CHA;MIL;TOR C
0%
1558 James Ennis III 5373 2015 2022 MIA;MEM;NOP;DET;HOU;PHI;ORL;BRK;DEN;LAC F
0%
1365 Jan van Breda Kolff 6760 1975 1983 NYN;NJN F-G
0%
1409 Jared Sullinger 6349 2013 2017 BOS;TOR F
0%
1349 Jason Caffey 6846 1996 2003 CHI;GSW;MIL F
0%
1795 Jawann Oldham 3832 1981 1991 DEN;HOU;CHI;NYK;SAC;LAL;ORL;IND C
0%
1924 Jaylen Nowell 3209 2020 2025 MIN;DET;MEM;NOP G
0%
1431 Jeff Grayer 6229 1989 1998 MIL;GSW;PHI;SAC;CHH F-G
0%
874 Jeff McInnis 12070 1997 2008 DEN;WAS;LAC;POR;CLE;NJN;CHA G
0%
1139 Jerome Whitehead 8936 1979 1989 SDC;UTA;CLE;DAL;GSW;SAS C-F
0%
988 Jerryd Bayless 10427 2009 2019 POR;NOH;TOR;MEM;BOS;MIL;PHI;MIN G
0%
1064 Jerry Sichting 9693 1981 1990 IND;BOS;POR;CHH;MIL G
0%
1512 Jim Baechtold 5727 1953 1957 BLB;NYK F-G
0%
592 Jim Chones 16665 1973 1982 CLE;LAL;WSB C-F
0%
763 Jim Cleamons 13611 1972 1980 LAL;CLE;NYK;WSB G
0%
1138 Jim Krebs 8946 1958 1964 MNL;LAL C-F
0%
1289 Jim Loscutoff 7393 1956 1964 BOS F
0%
1183 Jim McElroy 8396 1976 1982 NOJ;ATL;DET G
0%
1890 Jim McIlvaine 3399 1995 2001 WSB;SEA;NJN C
0%
550 Jim McMillian 17572 1971 1979 LAL;BUF;NYK;POR F
0%
1248 Jim Petersen 7857 1985 1992 HOU;SAC;GSW F-C
0%
1986 Jim Seminoff 2923 1947 1950 CHS;BOS G-F
0%
1656 Jim Spanarkel 4592 1980 1984 PHI;DAL G-F
0%
1007 J.J. Hickson 10251 2009 2016 CLE;POR;SAC;DEN;WAS F-C
0%
1900 Jock Landale 3358 2022 2026 SAS;PHO;HOU;MEM C
0%
1975 Joe Hassett 2971 1978 1983 SEA;IND;DAL;GSW G
0%
1902 Joel Kramer 3337 1979 1983 PHO F-C
0%
1273 Joel Przybilla 7578 2001 2013 MIL;ATL;POR;CHA C
0%
896 Joe Meriweather 11639 1976 1985 HOU;ATL;NOJ;NYK;KCK C-F
0%
1616 Joe Strawder 4888 1966 1968 DET C
0%
1915 John Amaechi 3277 1996 2003 CLE;ORL;UTA C-F
0%
1281 John Barnhill 7491 1963 1972 STL;DET;BAL;SDR G
0%
1074 John Battle 9585 1986 1995 ATL;CLE G
0%
1635 John Crotty 4780 1993 2003 UTA;CLE;MIA;POR;SEA;DET;DEN G
0%
1006 John Gianelli 10257 1973 1980 NYK;BUF;MIL;UTA C-F
0%
1257 John Henson 7794 2013 2020 MIL;CLE;DET C-F
0%
1581 John Hummer 5171 1971 1976 BUF;CHI;SEA F-C
0%
1742 John Konchar 4087 2020 2026 MEM G
0%
1597 John Logan 5032 1947 1951 STB;TRI G
0%
1723 John Mahnken 4155 1947 1953 WSC;BLB;FTW;INJ;BOS;TRI;INO C
0%
969 John Mengelt 10728 1972 1981 CIN;DET;KCO;CHI;GSW G
0%
889 Johnny Egan 11771 1962 1972 DET;NYK;BAL;LAL;CLE;SDR;HOU G
0%
1979 John Roche 2952 1972 1982 LAL;DEN G
0%
1190 John Shumate 8331 1976 1981 BUF;PHO;DET;HOU;SAS;SEA F-C
0%
1770 John Trapp 3926 1969 1973 SDR;LAL;PHI F
0%
959 John Tresvant 10884 1965 1973 STL;DET;CIN;SEA;LAL;BAL F-C
0%
1952 John Wetzel 3068 1968 1976 LAL;PHO;ATL G-F
0%
1645 Jon Leuer 4702 2012 2019 MIL;CLE;MEM;PHO;DET F
0%
1264 Jon Sundvold 7723 1984 1992 SEA;SAS;MIA G
0%
1943 Jordan Goodwin 3136 2022 2026 WAS;MEM;PHO;LAL G
0%
1838 Jordan McLaughlin 3646 2020 2026 MIN;SAC;SAS G
0%
1301 Josh Childress 7257 2005 2014 ATL;PHO;BRK;NOP G-F
0%
425 Junior Bridgeman 20675 1976 1987 MIL;LAC F-G
0%
1775 Kareem Rush 3898 2003 2010 LAL;CHA;IND;PHI;LAC G
0%
1651 Keith Askins 4634 1991 1999 MIA G-F
0%
1816 Kelenna Azubuike 3714 2007 2012 GSW;DAL G
0%
1283 Kelvin Cato 7455 1998 2007 POR;HOU;ORL;DET;NYK C
0%
878 Kelvin Ransey 12018 1981 1986 POR;DAL;NJN G
0%
597 Ken Norman 16638 1988 1997 LAC;MIL;ATL F
0%
1241 Kenny Gattison 7908 1987 1996 PHO;CHH;VAN F-C
0%
1747 Kenny Higgs 4052 1979 1982 CLE;DEN G
0%
1580 Kenny Sailors 5185 1947 1951 CLR;CHS;PHW;PRO;DNN;BLB;BOS G
0%
786 Kenny Sears 13275 1956 1964 NYK;SFW F
0%
924 Kent Bazemore 11375 2013 2022 GSW;LAL;ATL;POR;SAC G-F
0%
740 Kent Benson 13937 1978 1988 MIL;DET;UTA;CLE C
0%
928 Kevin Gamble 11338 1988 1997 POR;BOS;MIA;SAC F-G
0%
798 Kevin Grevey 13146 1976 1985 WSB;MIL G-F
0%
910 Kevin Kunnert 11539 1974 1982 BUF;HOU;SDC;POR C-F
0%
440 Kevin Loughery 20306 1963 1973 DET;BAL;PHI G
0%
1280 Kevin Restani 7494 1975 1982 MIL;KCK;SAS;CLE F-C
0%
1605 Kevin Seraphin 4976 2011 2017 WAS;NYK;IND F
0%
1856 Kevin Stacom 3573 1975 1982 BOS;IND;MIL G
0%
1712 Kleggie Hermsen 4205 1947 1953 CLR;TRH;BLB;WSC;CHS;BOS;TRI;INO C-F
0%
1172 Kurt Nimphius 8533 1982 1990 DAL;LAC;DET;SAS;PHI C-F
0%
838 Kyle Macy 12450 1981 1987 PHO;CHI;IND G
0%
1373 Kyle O'Quinn 6665 2013 2020 ORL;NYK;IND;PHI F-C
0%
1706 Kyle Singler 4226 2013 2018 DET;OKC F
0%
1374 Langston Galloway 6661 2015 2022 NYK;NOP;SAC;DET;PHO;BRK;MIL G
0%
1313 Larry Krystkowiak 7157 1987 1997 SAS;MIL;UTA;ORL;CHI;LAL F-C
0%
816 Larry Siegfried 12902 1964 1972 BOS;SDR;ATL;HOU F
0%
1797 Lawrence Funderburke 3824 1998 2005 SAC;CHI F
0%
1277 Ledell Eackles 7522 1989 1998 WSB;MIA;WAS G-F
0%
1317 Lee Mayberry 7117 1993 1999 MIL;VAN G
0%
1560 Lee Shaffer 5354 1962 1964 SYR;PHI F
0%
1476 Lee Winfield 5957 1970 1976 SEA;BUF;KCK G
0%
1046 Len Chappell 9824 1963 1972 SYR;NYK;PHI;CHI;CIN;DET;MIL;ATL;CLE F-C
0%
1304 Leo Barnhorst 7225 1950 1954 CHS;INO;BLB;FTW F-G
0%
822 Lester Conner 12761 1983 1995 GSW;HOU;NJN;MIL;LAC;IND;LAL G
0%
1527 Lew Hitch 5632 1952 1957 MNL;MLH;PHW;ROC F-C
0%
543 Lonnie Shelton 17735 1977 1986 NYK;SEA;CLE F-C
0%
1675 Lorenzo Romar 4491 1981 1985 GSW;MIL;DET G
0%
1729 Lou Amundson 4134 2007 2016 PHI;UTA;PHO;GSW;IND;CHI;MIN;NOH;NOP;CLE;NYK F-C
0%
1072 Luc Mbah a Moute 9612 2009 2020 MIL;MIN;SAC;PHI;LAC;HOU F
0%
1910 Mack Calvin 3295 1970 1981 DEN;LAL;SAS;UTA;CLE G
0%
1995 Malaki Branham 2882 2023 2026 SAS;WAS G
0%
1127 Malik Sealy 9014 1993 2000 IND;LAC;DET;MIN G
0%
1677 Marcus Banks 4468 2004 2011 BOS;MIN;PHO;MIA;TOR G
0%
1859 Mark Acres 3549 1988 1993 BOS;ORL;HOU;WSB F-C
0%
1665 Mark Alarie 4554 1987 1991 DEN;WSB F
0%
1048 Mark Blount 9818 2001 2009 BOS;DEN;MIN;MIA C
0%
1461 Mark Landsberger 6084 1978 1984 CHI;LAL;ATL F-C
0%
1981 Mark Madsen 2947 2001 2009 LAL;MIN F-C
0%
1194 Marko Jaric 8304 2003 2009 LAC;MIN;MEM G
0%
485 Mark Olberding 18929 1976 1987 SAS;CHI;KCK;SAC F
0%
982 Marreese Speights 10490 2009 2018 PHI;MEM;CLE;GSW;LAC;ORL C-F
0%
1638 Marty Conlon 4763 1992 2000 SEA;SAC;CHH;WSB;MIL;BOS;MIA;LAC F-C
0%
1116 Matt Bonner 9123 2005 2016 TOR;SAS F
0%
1456 Matt Bullard 6091 1991 2002 HOU;ATL;CHH F
0%
964 Matt Guokas 10814 1967 1976 PHI;CHI;CIN;KCO;BUF;HOU;KCK G-F
0%
848 Mel Hutchins 12326 1952 1958 MLH;FTW;NYK F-C
0%
1522 Melvin Turpin 5656 1985 1990 CLE;UTA;WSB C
0%
1566 Michael Dickerson 5302 1999 2003 HOU;VAN;MEM G-F
0%
1458 Michael Doleac 6087 1999 2008 ORL;CLE;NYK;DEN;MIA;MIN C
0%
1642 Michael Holton 4737 1985 1990 PHO;CHI;POR;CHH G
0%
1898 Michael Ruffin 3373 2000 2009 CHI;PHI;UTA;WAS;MIL;POR F
0%
539 Mike Bantom 17823 1974 1982 PHO;SEA;NYN;IND;PHI F-C
0%
1027 Mike Bratz 10022 1978 1986 PHO;CLE;SAS;CHI;GSW;SAC G
0%
1029 Mike Gale 9991 1972 1982 SAS;POR;GSW G
0%
1269 Mike Glenn 7641 1978 1987 BUF;NYK;ATL;MIL G
0%
1399 Mike Muscala 6434 2014 2024 ATL;LAL;PHI;OKC;BOS;DET;WAS F-C
0%
1327 Mike O'Koren 7070 1981 1988 NJN;WSB F-G
0%
837 Mike Riordan 12536 1969 1977 NYK;BAL;CAP;WSB G-F
0%
1884 Mike Sojourner 3433 1975 1977 ATL C-F
0%
1934 Mike Sweetney 3159 2004 2007 NYK;CHI F
0%
1497 Milt Palacio 5822 2000 2006 VAN;BOS;PHO;CLE;TOR;UTA G
0%
1030 Mitch Kupchak 9987 1977 1986 WSB;LAL F-C
0%
1839 Mo Layton 3639 1972 1978 PHO;POR;NYK;SAS G
0%
1584 Monk Meineke 5128 1953 1958 FTW;ROC;CIN F-C
0%
932 Montrezl Harrell 11280 2016 2023 HOU;LAC;LAL;CHO;WAS;PHI F-C
0%
1945 Morlon Wiley 3123 1989 1995 DAL;ORL;ATL;SAS;MIA G
0%
742 Nat Clifton 13902 1951 1958 NYK;DET C-F
0%
1261 Nemanja Bjelica 7778 2016 2022 MIN;SAC;MIA;GSW F
0%
1224 Nenad Krstic 8124 2005 2011 NJN;OKC;BOS C
0%
1700 Nik Stauskas 4255 2015 2022 SAC;PHI;BRK;CLE;POR;BOS;MIA G
0%
1724 Noble Jorgensen 4154 1947 1953 PIT;SHE;SYR;TRI C
0%
1395 Obi Toppin 6448 2021 2026 NYK;IND F
0%
1258 Odie Spears 7787 1949 1957 CHS;ROC;FTW;STL G
0%
1148 Omri Casspi 8817 2010 2019 SAC;CLE;HOU;MIN;NOP;GSW;MEM F
0%
1950 Oshae Brissett 3088 2020 2025 TOR;IND;BOS;PHI F
0%
1850 Pablo Prigioni 3588 2013 2016 NYK;HOU;LAC G
0%
1334 Pat Garrity 6957 1999 2008 PHO;ORL F
0%
1405 Paul Hoffman 6374 1948 1955 BLB;NYK;PHW G-F
0%
1307 Paul Mokeski 7214 1980 1991 HOU;DET;CLE;MIL;GSW C-F
0%
1067 Paul Neumann 9655 1962 1967 SYR;PHI;SFW G
0%
771 Paul Seymour 13540 1948 1960 BLB;SYR G-F
0%
1437 Paul Walther 6207 1950 1955 INO;MNL;PHW;FTW G-F
0%
1653 Pep Saul 4616 1950 1955 ROC;BLB;MNL;MLH G-F
0%
1462 Pete Chilcutt 6082 1992 2000 SAC;DET;HOU;VAN;CLE;LAC;UTA F-C
0%
1980 Pete Cross 2950 1971 1973 SEA;KCO C-F
0%
1650 Pete Myers 4639 1987 1998 CHI;SAS;NYK;PHI;NJN;CHH;MIA G-F
0%
526 Phil Chenier 18063 1972 1981 BAL;CAP;WSB;IND;GSW G
0%
789 Phil Hubbard 13239 1980 1989 DET;CLE F-C
0%
1075 Phil Jordon 9583 1957 1963 NYK;DET;CIN;STL C-F
0%
1470 Precious Achiuwa 6004 2021 2026 MIA;TOR;NYK;SAC F
0%
1779 Predrag Drobnjak 3882 2002 2005 SEA;LAC;ATL C
0%
1690 Primoz Brezec 4353 2002 2010 IND;CHA;DET;TOR;MIL;PHI C
0%
1541 Quentin Grimes 5557 2022 2026 NYK;DET;DAL;PHI G
0%
1864 Quincy Acy 3530 2013 2019 TOR;SAC;NYK;BRK;DAL;PHO F-C
0%
1908 Quincy Pondexter 3300 2011 2019 NOH;MEM;NOP;CHI;SAS G-F
0%
1773 Rafael Addison 3918 1987 1997 PHO;NJN;DET;CHH F-G
0%
697 Randy Foye 14626 2007 2017 MIN;WAS;LAC;UTA;DEN;OKC;BRK G
0%
1189 Randy Wittman 8341 1984 1992 ATL;IND;SAC G-F
0%
1777 Rashad McCants 3891 2006 2009 MIN;SAC G
0%
791 Rasho Nesterovic 13208 1999 2010 MIN;SAS;TOR;IND C
0%
1548 Raul Neto 5465 2016 2023 UTA;PHI;WAS;CLE G
0%
726 Ray Felix 14189 1954 1962 BLB;NYK;MNL;LAL C
0%
1666 Ray Lumpp 4551 1949 1953 INJ;NYK;BLB G
0%
1715 Red Holzman 4193 1949 1954 ROC;MLH G
0%
1270 Reggie Bullock 7640 2014 2024 LAC;PHO;DET;LAL;NYK;DAL;HOU G-F
0%
1685 Reggie Harding 4390 1964 1968 DET;CHI C
0%
1919 Rex Walters 3257 1994 2000 NJN;PHI;MIA G
0%
1841 Richie Regan 3636 1956 1958 ROC;CIN G
0%
518 Rich Kelley 18282 1976 1986 NOJ;NJN;PHO;DEN;UTA;SAC C-F
0%
1196 Rick Adelman 8269 1969 1975 SDR;POR;CHI;KCO;NOJ G
0%
1152 Rick Roberson 8796 1970 1976 LAL;CLE;POR;NOJ;KCK C-F
0%
1233 Rick Robey 7993 1979 1986 BOS;IND;PHO C-F
0%
739 Robert Covington 13952 2014 2024 HOU;PHI;MIN;POR;LAC F-C
0%
756 Rod Higgins 13717 1983 1995 CHI;NJN;SAS;SEA;GSW;SAC;CLE F
0%
1982 Rodney Carney 2945 2007 2011 PHI;MIN;GSW;MEM F
0%
1818 Rodney McGruder 3705 2017 2023 MIA;LAC;DET G
0%
1609 Roger Phegley 4936 1979 1984 WSB;NJN;CLE;SAS;DAL G-F
0%
1176 Ron Behagen 8490 1974 1980 KCO;NOJ;ATL;HOU;IND;DET;KCK;NYK;WSB F-C
0%
1946 Ron Sobie 3116 1957 1960 NYK;MNL G
0%
473 Rory Sparrow 19284 1981 1992 NJN;ATL;NYK;CHI;MIA;SAC;LAL G
0%
804 Roy Hinson 13080 1984 1991 CLE;PHI;NJN F-C
0%
1993 Russ Schoene 2888 1983 1989 IND;PHI;SEA F-C
0%
1126 Ryan Gomes 9018 2006 2014 BOS;MIN;LAC;OKC F
0%
1511 Scott Burrell 5731 1994 2001 CHH;GSW;CHI;NJN G-F
0%
1708 Scott Padgett 4213 2000 2007 UTA;HOU;NJN;MEM F
0%
1059 Sean Rooks 9723 1993 2004 DAL;MIN;ATL;LAL;LAC;NOH;ORL C
0%
1080 Sebastian Telfair 9489 2005 2015 POR;BOS;MIN;CLE;LAC;PHO;TOR;OKC G
0%
421 Sedale Threatt 20837 1984 1997 PHI;CHI;SEA;LAL;HOU G
0%
1814 Shane Larkin 3732 2014 2018 DAL;NYK;BRK;BOS G
0%
1663 Shellie McMillon 4567 1959 1962 DET;STL F
0%
1696 Sonny Hertzberg 4295 1947 1951 NYK;WSC;BOS G
0%
1473 Stan Miasek 5991 1947 1953 DTF;CHS;BLB;MLH C-F
0%
1202 Steve Colter 8244 1985 1995 POR;CHI;PHI;WSB;SAC;CLE G
0%
1391 Steve Kuberski 6488 1970 1978 BOS;MIL;BUF F-C
0%
938 Steve Stipanovich 11221 1984 1988 IND C
0%
866 Stu Lantz 12138 1969 1976 SDR;HOU;DET;LAL;NOJ G
0%
1678 Svi Mykhailiuk 4461 2019 2026 DET;LAL;OKC;TOR;CHO;NYK;BOS;UTA G-F
0%
753 Swen Nater 13735 1974 1984 MIL;BUF;SDC;LAL C
0%
1860 Tariq Abdul-Wahad 3544 1998 2003 SAC;DEN;ORL;DAL F
0%
1970 Ted McClain 3004 1972 1979 DEN;BUF;PHI;PHO G
0%
671 Terry Dischinger 15063 1963 1973 CHZ;BAL;DET;POR F-G
0%
1644 Terry Furlow 4725 1977 1980 PHI;CLE;ATL;UTA G-F
0%
805 Terry Teagle 13057 1983 1993 HOU;DET;GSW;LAL F-G
0%
1953 Theo Maledon 3063 2021 2024 OKC;CHO;PHO G
0%
1804 Tim Bassett 3791 1974 1980 NYN;NJN;SAS F-C
0%
1985 Tim Kempton 2925 1987 1998 LAC;CHH;DEN;PHO;CLE;ATL;SAS;ORL;TOR F-C
0%
1832 Tim Legler 3663 1990 2000 PHO;DEN;DAL;UTA;GSW;WSB;WAS G
0%
1252 Tim McCormick 7840 1985 1992 SEA;PHI;NJN;HOU;ATL;NYK C
0%
1875 Timothe Luwawu-Cabarrot 3490 2017 2022 PHI;CHI;OKC;BRK;ATL F
0%
1157 Toby Kimball 8722 1967 1975 BOS;SDR;MIL;KCO;PHI;NOJ F-C
0%
1904 Todd Lichti 3330 1990 1994 DEN;BOS;GSW;ORL G-F
0%
1722 Togo Palazzi 4165 1955 1960 BOS;SYR F-G
0%
1760 Tom Abernethy 3968 1977 1981 LAL;GSW;IND F
0%
1292 Tomas Satoransky 7382 2017 2022 WAS;CHI;NOP;SAS G
0%
650 Tom Boerwinkle 15444 1969 1978 CHI C
0%
1444 Tom Boswell 6161 1976 1984 BOS;DEN;UTA F-C
0%
1069 Tom Burleson 9638 1975 1981 SEA;KCK;ATL C
0%
1786 Tom Garrick 3854 1989 1992 LAC;DAL;MIN;SAS G
0%
1328 Tom Hammonds 7045 1990 2001 WSB;CHH;DEN;MIN F
0%
1570 Tom LaGarde 5274 1978 1985 DEN;SEA;DAL;NJN C-F
0%
437 Tom Meschery 20400 1962 1971 PHW;SFW;SEA F
0%
1726 Tom Tolbert 4149 1989 1995 CHH;GSW;ORL;LAC F-C
0%
1184 Tony Massenburg 8385 1991 2005 SAS;BOS;CHH;GSW;LAC;PHI;TOR;NJN;VAN;HOU;MEM;UTA;SAC F
0%
1329 Tony Snell 7044 2014 2022 CHI;MIL;DET;ATL;NOP;POR G-F
0%
792 Travis Best 13201 1996 2005 IND;CHI;MIA;DAL;NJN G
0%
1122 Travis Outlaw 9074 2004 2014 POR;LAC;NJN;SAC F
0%
397 Tyrone Corbin 21506 1986 2001 SAS;CLE;PHO;MIN;UTA;ATL;MIA;SAC;TOR G-F
0%
1676 Tyrone Nesby 4469 1999 2002 LAC;WAS F
0%
330 Vern Fleming 23381 1985 1996 IND;NJN G
0%
1493 Vince Boryla 5893 1950 1954 NYK F
0%
1228 Vitaly Potapenko 8082 1997 2007 CLE;BOS;SEA;SAC C
0%
871 Vladimir Radmanovic 12114 2002 2013 SEA;LAC;LAL;CHA;GSW;ATL;CHI F
0%
1764 Wally Osterkorn 3951 1952 1955 SYR F-C
0%
1811 Walt Budko 3746 1949 1952 BLB;PHW F-C
0%
727 Walter Dukes 14185 1956 1963 NYK;MNL;DET C
0%
456 Walt Hazzard 19713 1965 1974 LAL;SEA;ATL;BUF;GSW G
0%
1018 Wayne Ellington 10145 2010 2022 MIN;CLE;MEM;DAL;LAL;BRK;MIA;DET;NYK G
0%
1514 Wayne Hightower 5706 1963 1972 SFW;BAL;DET F-C
0%
1416 Whitey Skoog 6284 1952 1957 MNL G
0%
1569 Willie Burton 5275 1991 1999 MIA;PHI;ATL;SAS;CHH F-G
0%
435 Willie Naulls 20465 1957 1966 NYK;STL;SFW;BOS F-C
0%
1483 Willie Norwood 5948 1972 1978 DET;SEA;POR F
0%
1749 Win Wilfong 4049 1958 1961 STL;CIN G-F
0%
1001 Woody Sauldsberry 10290 1958 1966 PHW;STL;CHP;CHZ;BOS F-C
0%
1713 Yi Jianlian 4196 2008 2012 MIL;NJN;WAS;DAL F
0%
996 Zaid Abdul-Aziz 10343 1969 1978 CIN;MIL;SEA;HOU;BUF;BOS C-F
0%
No matching quizzes found
Score Distribution
Percent of People with Each Score
Percentile by Number Answered
Your Score History
You have not taken this quiz